{"text_format":"3","workbook":"xlsx","n_sheets":6,"sheets":["eTable1","eTable2","eTable3","eTable4","eTable5","eTable6"],"read":"whole","date_system":"1900"}

{"sheet":"eTable1","index":0,"n_rows":105,"n_cols":14,"rows_kept":105,"merged":[[0,0,0,13],[104,0,105,13]]}
["eTable1.Genome-wide Association Studies and Detailed Information of Single Nucleotide Polymorphisms Used as Instrument Variable in the Mendelian Randomization Analysis of RA in Relation to IBD, UC and CD."]
["Traits","SNP","Ethnics ","Chr","Position","Nearsest gene","EA","EAF","BETA","SE","P value","Sample size","Variance Explained","F statistic"]
["RA","rs998731","Trans-ethnic",8,81095395,"TPD52","T",0.55,0.0769610411361284,0.014175982437451736,1.9e-08,90040,{"$f":"(I3^2)/(J3^2*(L3-2)+I3^2)","v":{"v":3.2724088145640783E-4,"d":"0.000327"}},{"$f":"I3^2/J3^2","v":{"v":29.47375950361184,"d":"29.474"}}]
["RA","rs9826828","Trans-ethnic",3,136402060,"IL20RB","A",0.02,0.36464311358790924,0.058513801292052525,8.6e-10,49631,{"$f":"(I4^2)/(J4^2*(L4-2)+I4^2)","v":{"v":7.8188733882458687E-4,"d":"0.000782"}},{"$f":"I4^2/J4^2","v":{"v":38.83465106049729,"d":"38.835"}}]
["RA","rs968567","Trans-ethnic",11,61595564,"FADS1-FADS2-FADS3","C",0.84,0.11332868530700327,0.02060238689909652,1.8e-08,65507,{"v":4.6171034827170048E-4,"d":"0.000462"},{"v":30.25830693697172,"d":"30.258"}]
["RA","rs9653442","Trans-ethnic",2,100825367,"AFF3","C",0.48,0.10436001532424286,0.011441470960548875,1.6E-18,89687,{"v":9.2679150322316349E-4,"d":"0.000927"},{"v":83.19640168474959,"d":"83.196"}]
["RA","rs9603616","Trans-ethnic",13,40368069,"COG6","C",0.7,0.09531017980432493,0.013918108227151595,1.6E-12,89861,{"v":5.2159088683522976E-4,"d":"0.000522"},{"v":46.894095032742364,"d":"46.894"}]
["RA","rs947474","Trans-ethnic",10,6390450,"PRKCQ","A",0.84,0.10436001532424286,0.018393697423812184,4.1e-10,89998,{"v":3.5756225715386929E-4,"d":"0.000358"},{"v":32.19068306811678,"d":"32.191"}]
["RA","rs9378815","Trans-ethnic",6,426155,"IRF4","C",0.6,0.08617769624105241,0.014045861526282512,1.7e-10,89176,{"v":4.2196016509061255E-4,"d":"0.000422"},{"v":37.64375992894454,"d":"37.644"}]
["RA","rs9373594","Trans-ethnic",6,149834574,"PPIL4","T",0.6,0.08617769624105241,0.014045861526282512,3E-9,81270,{"v":0.000462990737027988,"d":"0.000463"},{"v":37.64375992894454,"d":"37.644"}]
["RA","rs9372120","Trans-ethnic",6,106667535,"ATG5","G",0.18,0.10436001532424286,0.01616571783994621,7.6e-10,89787,{"v":4.6395189657125749E-4,"d":"0.000464"},{"v":41.675256347873045,"d":"41.675"}]
["RA","rs9268839","Trans-ethnic",6,32428772,"HLA-DRB1","G",0.64,0.8241754429663494,0.013429523848321898,"<1.0E-250 ",82561,{"v":0.0436294637299166,"d":"0.043629"},{"v":3766.3277563174133,"d":"3766.328"}]
["RA","rs909685","Trans-ethnic",22,39747671,"SYNGR1","A",0.46,0.12221763272424911,0.013548424824986808,1.4e-16,89571,{"v":9.0769096656425588E-4,"d":"0.000908"},{"v":81.37483538718043,"d":"81.375"}]
["RA","rs8133843","Trans-ethnic",21,36738242,"RUNX1-LOC100506403","A",0.61,0.0769610411361284,0.014175982437451736,2.7e-09,89312,{"v":3.2990746713992738E-4,"d":"0.000330"},{"v":29.47375950361184,"d":"29.474"}]
["RA","rs8083786","Trans-ethnic",18,12881361,"PTPN2","G",0.22,0.131028262406404,0.015600618151359815,6.3e-18,89924,{"v":7.8386239720930047E-4,"d":"0.000784"},{"v":70.54176952241593,"d":"70.542"}]
["RA","rs8032939","Trans-ethnic",15,38834033,"RASGRP1","C",0.36,0.12221763272424911,0.013548424824986808,1.9e-18,89993,{"v":9.0343832430196235E-4,"d":"0.000903"},{"v":81.37483538718043,"d":"81.375"}]
["RA","rs8026898","Trans-ethnic",15,69991417,"LOC145837","A",0.24,0.13976194237515863,0.015600618151359815,3.6e-19,86498,{"v":9.2703349318699771E-4,"d":"0.000927"},{"v":80.25909189302016,"d":"80.259"}]
["RA","rs793108","Trans-ethnic",10,31415106,"ZNF438","T",0.51,0.0769610411361284,0.011867350927268594,1.3e-09,89478,{"v":4.6981151078751931E-4,"d":"0.000470"},{"v":42.05661342031368,"d":"42.057"}]
["RA","rs7752903","Trans-ethnic",6,138227364,"TNFAIP3","G",0.05,0.3220834991691132,0.027655433292649193,2e-29,89973,{"v":1.5052867520821234E-3,"d":"0.001505"},{"v":135.63632593611345,"d":"135.636"}]
["RA","rs7731626","Trans-ethnic",5,55444683,"ANKRD55","G",0.7,0.1906203596086497,0.018905094937173968,7.3e-24,62916,{"v":1.6133637878916916E-3,"d":"0.001613"},{"v":101.66719552309134,"d":"101.667"}]
["RA","rs773125","Trans-ethnic",12,56394954,"CDK2","A",0.67,0.08617769624105241,0.014045861526282512,1.1e-10,88917,{"v":4.2318877031401018E-4,"d":"0.000423"},{"v":37.64375992894454,"d":"37.644"}]
["RA","rs73194058","Trans-ethnic",21,34764288,"IFNGR2","C",0.79,0.0769610411361284,0.016463908453462045,1.2e-06,89790,{"v":2.4330554479724779E-4,"d":"0.000243"},{"v":21.851234782838617,"d":"21.851"}]
["RA","rs73081554","Trans-ethnic",3,58302935,"DNASE1L3-ABHD6-PXK","T",0.08,0.16551443847757333,0.030301922446420132,4.6e-08,58284,{"v":5.1165202134853646E-4,"d":"0.000512"},{"v":29.835368434802746,"d":"29.835"}]
["RA","rs73013527","Trans-ethnic",11,128496952,"ETS1","C",0.57,0.08617769624105241,0.014045861526282512,1.2E-10,89082,{"v":4.2240524256175144E-4,"d":"0.000422"},{"v":37.64375992894454,"d":"37.644"}]
["RA","rs72717009","Trans-ethnic",1,161405053,"FCGR2A","T",0.11,0.12221763272424911,0.02259015238302167,1.1e-07,81864,{"v":3.574306617627254E-4,"d":"0.000357"},{"v":29.27045098988763,"d":"29.270"}]
["RA","rs72634030","Trans-ethnic",17,5272580,"C1QBP","A",0.22,0.11332868530700327,0.02041905807998375,1.5E-9,89833,{"v":3.4279395845413321E-4,"d":"0.000343"},{"v":30.804083535624965,"d":"30.804"}]
["RA","rs726288","Trans-ethnic",10,81706973,"SFTPD","T",0.09,0.131028262406404,0.029250741918402993,1.6e-05,69909,{"v":2.8695307718018661E-4,"d":"0.000287"},{"v":20.06578670567654,"d":"20.066"}]
["RA","rs71508903","Trans-ethnic",10,63779871,"ARID5B","T",0.23,0.14842000511827322,0.015332633691251398,4.7e-22,89390,{"v":1.0471698400856227E-3,"d":"0.001047"},{"v":93.7025401395472,"d":"93.703"}]
["RA","rs706778","Trans-ethnic",10,6098949,"IL2RA","T",0.47,0.09531017980432493,0.011650519600303165,4.6E-14,89880,{"v":7.4406576758411056E-4,"d":"0.000744"},{"v":66.9249396154902,"d":"66.925"}]
["RA","rs678347","Trans-ethnic",8,102463602,"GRHL2","G",0.42,0.0769610411361284,0.014175982437451736,1.6e-08,89803,{"v":3.2810424202503626E-4,"d":"0.000328"},{"v":29.47375950361184,"d":"29.474"}]
["RA","rs6732565","Trans-ethnic",2,111607832,"ACOXL","A",0.62,0.06765864847381486,0.011867350927268594,2.7E-8,83482,{"v":3.8921319932171052E-4,"d":"0.000389"},{"v":32.504168930957306,"d":"32.504"}]
["RA","rs67250450","Trans-ethnic",7,28174986,"JAZF1","T",0.61,0.09531017980432493,0.01616571783994621,3.7E-9,92066,{"v":3.7742859716984343E-4,"d":"0.000377"},{"v":34.760706054367205,"d":"34.761"}]
["RA","rs6715284","Trans-ethnic",2,202154397,"CFLAR-CASP8","G",0.11,0.13976194237515863,0.02219677984429328,1.8E-9,67457,{"v":0.000587392751952014,"d":"0.000587"},{"v":39.645865777125444,"d":"39.646"}]
["RA","rs657075","Trans-ethnic",5,131430118,"IL3-CSF2","A",0.17,0.08617769624105241,0.018731497080310477,7.5e-07,82561,{"v":2.5631205294848682E-4,"d":"0.000256"},{"v":21.16629195511845,"d":"21.166"}]
["RA","rs6479800","Trans-ethnic",10,64036881,"RTKN2","C",0.2,0.10436001532424286,0.018393697423812184,3.6e-08,69065,{"v":4.6588890992097881E-4,"d":"0.000466"},{"v":32.19068306811678,"d":"32.191"}]
["RA","rs624988","Trans-ethnic",1,117263790,"CD2","T",0.42,0.058268908123975824,0.01209240788127142,1.2E-5,90041,{"v":2.5781343220218839E-4,"d":"0.000258"},{"v":23.219249856551517,"d":"23.219"}]
["RA","rs5987194","Trans-ethnic","X",153301467,"IRAK1","C",0.3,0.14842000511827322,0.017600222318099826,5.2e-16,58419,{"v":1.2158527116020172E-3,"d":"0.001216"},{"v":71.1129307032806,"d":"71.113"}]
["RA","rs508970","Trans-ethnic",11,60906450,"CD5","A",0.5,0.06765864847381486,0.014308537410980511,2.7E-6,65581,{"v":3.408343144656769E-4,"d":"0.000341"},{"v":22.359194289002122,"d":"22.359"}]
["RA","rs4780401","Trans-ethnic",16,11839326,"TXNDC11","T",0.57,0.06765864847381486,0.011867350927268594,4.1e-08,88742,{"v":3.6615131267563446E-4,"d":"0.000366"},{"v":32.504168930957306,"d":"32.504"}]
["RA","rs4656942","Trans-ethnic",1,160831048,"LY9-CD244","G",0.75,0.02955880224154443,0.014864517378565261,0.084,82561,{"v":4.7894628938707e-05,"d":"0.000048"},{"v":3.9543220613385435,"d":"3.954"}]
["RA","rs45475795","Trans-ethnic",4,123399491,"IL2-IL21","G",0.09,0.131028262406404,0.026877682565771988,3.5e-06,58284,{"v":4.0760060624727069E-4,"d":"0.000408"},{"v":23.765465351388404,"d":"23.765"}]
["RA","rs4452313","Trans-ethnic",3,17047032,"PLCL2","T",0.37,0.08617769624105241,0.014045861526282512,1.6e-10,89838,{"v":4.1885204999030405E-4,"d":"0.000419"},{"v":37.64375992894454,"d":"37.644"}]
["RA","rs4409785","Trans-ethnic",11,95311422,"CEP57","C",0.16,0.11332868530700327,0.015878140019699186,1.2e-11,90041,{"v":5.6546292675188929E-4,"d":"0.000565"},{"v":50.94252256972176,"d":"50.943"}]
["RA","rs4272","Trans-ethnic",7,92236829,"CDK6","G",0.2,0.09531017980432493,0.016313450153130942,5e-09,90041,{"v":3.7895850937381292E-4,"d":"0.000379"},{"v":34.133980587911324,"d":"34.134"}]
["RA","rs4239702","Trans-ethnic",20,44749251,"CD40","C",0.72,0.12221763272424911,0.013548424824986808,4e-18,89709,{"v":0.000906295893386737,"d":"0.000906"},{"v":81.37483538718043,"d":"81.375"}]
["RA","rs3824660","Trans-ethnic",10,8104722,"GATA3","C",0.4,0.0769610411361284,0.011867350927268594,2E-8,89429,{"v":4.7006881498742897E-4,"d":"0.000470"},{"v":42.05661342031368,"d":"42.057"}]
["RA","rs3806624","Trans-ethnic",3,27764623,"EOMES","G",0.57,0.0769610411361284,0.014175982437451736,8.6e-09,89197,{"v":3.3033267960823912E-4,"d":"0.000330"},{"v":29.47375950361184,"d":"29.474"}]
["RA","rs3783782","Trans-ethnic",14,61940675,"PRKCH","A",0.12,0.131028262406404,0.020238964856255336,2.2e-09,82961,{"v":0.000504975722348747,"d":"0.000505"},{"v":41.91344622311235,"d":"41.913"}]
["RA","rs34695944","Trans-ethnic",2,61124850,"REL","C",0.3,0.11332868530700327,0.013669450544414851,1.7E-15,89832,{"v":7.6458188609911429E-4,"d":"0.000765"},{"v":68.7349443216538,"d":"68.735"}]
["RA","rs34536443","Trans-ethnic",19,10463118,"TYK2","G",0.97,0.37843643572024505,0.047149154850018665,4.4E-16,44143,{"v":1.4573454709702898E-3,"d":"0.001457"},{"v":64.42257237818316,"d":"64.423"}]
["RA","rs331463","Trans-ethnic",11,36501787,"TRAF6-RAG1/2","T",0.88,0.09531017980432493,0.018561059765925557,3.4e-07,89642,{"v":2.9406508438173287E-4,"d":"0.000294"},{"v":26.367747998018526,"d":"26.368"}]
["RA","rs3218251","Trans-ethnic",22,37545505,"IL2RB","A",0.23,0.06765864847381486,0.014308537410980511,2.1e-05,89331,{"v":2.5023899457850924E-4,"d":"0.000250"},{"v":22.359194289002122,"d":"22.359"}]
["RA","rs3087243","Trans-ethnic",2,204738919,"CTLA4","G",0.64,0.131028262406404,0.013429523848321898,3.1e-25,89921,{"v":1.0575422764599112E-3,"d":"0.001058"},{"v":95.19381544128544,"d":"95.194"}]
["RA","rs28411352","Trans-ethnic",1,38278579,"MTF1-INPP5B","T",0.27,0.10436001532424286,0.013792658487315207,2.8e-12,89047,{"v":6.4251553622424727E-4,"d":"0.000643"},{"v":57.249579667466755,"d":"57.250"}]
["RA","rs2736337","Trans-ethnic",8,11341880,"BLK","C",0.38,0.10436001532424286,0.013792658487315207,3.1e-13,89538,{"v":6.3899434316822825E-4,"d":"0.000639"},{"v":57.249579667466755,"d":"57.250"}]
["RA","rs2671692","Trans-ethnic",10,50097819,"WDFY4","A",0.54,0.06765864847381486,0.011867350927268594,2.8e-09,99065,{"v":3.2800851263187995E-4,"d":"0.000328"},{"v":32.504168930957306,"d":"32.504"}]
["RA","rs2664035","Trans-ethnic",4,48220839,"TEC","A",0.39,0.06765864847381486,0.014308537410980511,9.5e-08,91128,{"v":2.4530550507598231E-4,"d":"0.000245"},{"v":22.359194289002122,"d":"22.359"}]
["RA","rs2582532","Trans-ethnic",14,105392837,"PLD4-AHNAK2","C",0.89,0.1570037488096647,0.03056153056444402,2.7e-07,48331,{"v":5.4578919855928065E-4,"d":"0.000546"},{"v":26.391850564139375,"d":"26.392"}]
["RA","rs2561477","Trans-ethnic",5,102608924,"C5orf30","G",0.71,0.08617769624105241,0.014045861526282512,9.6e-11,89758,{"v":4.1922521854206494E-4,"d":"0.000419"},{"v":37.64375992894454,"d":"37.644"}]
["RA","rs2476601","Trans-ethnic",1,114377568,"PTPN22","A",0.16,0.5877866649021191,0.021211828656165856,6.6e-170,65764,{"v":0.011541615819422504,"d":"0.011542"},{"v":767.8621089810131,"d":"767.862"}]
["RA","rs2469434","Trans-ethnic",18,67544046,"CD226","C",0.41,0.06765864847381486,0.011867350927268594,8.9e-10,103281,{"v":3.1462293761407007E-4,"d":"0.000315"},{"v":32.504168930957306,"d":"32.504"}]
["RA","rs2451258","Trans-ethnic",6,159506600,"TAGAP","T",0.75,0.09531017980432493,0.01616571783994621,2.7E-11,89808,{"v":3.8691464521431506E-4,"d":"0.000387"},{"v":34.760706054367205,"d":"34.761"}]
["RA","rs2317230","Trans-ethnic",1,157674997,"FCRL3","T",0.43,0.06765864847381486,0.011978822216268134,2.2e-07,89577,{"v":3.5602208142047675E-4,"d":"0.000356"},{"v":31.902035772416447,"d":"31.902"}]
["RA","rs2301888","Trans-ethnic",1,17672730,"PADI4","G",0.61,0.12221763272424911,0.013548424824986808,1.3E-18,82561,{"v":9.8468618455896883E-4,"d":"0.000985"},{"v":81.37483538718043,"d":"81.375"}]
["RA","rs227163","Trans-ethnic",1,7961206,"TNFRSF9","C",0.42,0.03922071315328133,0.009812826741784719,0.00039,99670,{"v":1.6025713072459518E-4,"d":"0.000160"},{"v":15.975067823591495,"d":"15.975"}]
["RA","rs2236668","Trans-ethnic",21,45650009,"ICOSLG-AIRE","C",0.72,0.06765864847381486,0.014308537410980511,5.7e-07,86061,{"v":0.000259744902941606,"d":"0.000260"},{"v":22.359194289002122,"d":"22.359"}]
["RA","rs2234067","Trans-ethnic",6,36355654,"ETV7","C",0.9,0.13976194237515863,0.02219677984429328,1.6e-09,80798,{"v":4.9045028777224215E-4,"d":"0.000490"},{"v":39.645865777125444,"d":"39.646"}]
["RA","rs2233424","Trans-ethnic",6,44233921,"NFKBIE","T",0.13,0.23111172096338664,0.024313821378654326,1.4E-19,55020,{"$f":"(I68^2)/(J68^2*(L68-2)+I68^2)","v":{"v":1.6395326739986563E-3,"d":"0.001640"}},{"$f":"I68^2/J68^2","v":{"v":90.35194362178528,"d":"90.352"}}]
["RA","rs2228145","Trans-ethnic",1,154426970,"IL6R","A",0.62,0.0769610411361284,0.011867350927268594,3.7E-9,90041,{"v":4.668752232869355E-4,"d":"0.000467"},{"v":42.05661342031368,"d":"42.057"}]
["RA","rs2105325","Trans-ethnic",1,173349725,"LOC100506023","C",0.81,0.11332868530700327,0.016020638071181183,6.9e-13,89685,{"v":5.5765769618517519E-4,"d":"0.000558"},{"v":50.04032053684201,"d":"50.040"}]
["RA","rs1980422","Trans-ethnic",2,204610396,"CD28","C",0.21,0.11332868530700327,0.015878140019699186,3e-14,89770,{"v":5.6716903070775878E-4,"d":"0.000567"},{"v":50.94252256972176,"d":"50.943"}]
["RA","rs1950897","Trans-ethnic",14,68760141,"RAD51B","T",0.77,0.09531017980432493,0.013918108227151595,8.2e-11,89874,{"v":5.2151547797264189E-4,"d":"0.000522"},{"v":46.894095032742364,"d":"46.894"}]
["RA","rs1893592","Trans-ethnic",21,43855067,"UBASH3A","A",0.74,0.10436001532424286,0.013792658487315207,7.2E-12,82561,{"v":0.00069295786190658,"d":"0.000693"},{"v":57.249579667466755,"d":"57.250"}]
["RA","rs1877030","Trans-ethnic",17,37740161,"MED1","C",0.84,0.08617769624105241,0.014045861526282512,1.9e-08,103128,{"v":3.648936636684232E-4,"d":"0.000365"},{"v":37.64375992894454,"d":"37.644"}]
["RA","rs1858037","Trans-ethnic",2,65598300,"SPRED2","T",0.55,0.10436001532424286,0.013792658487315207,3.3E-15,89994,{"v":6.3575854251642007E-4,"d":"0.000636"},{"v":57.249579667466755,"d":"57.250"}]
["RA","rs17668708","Trans-ethnic",1,198640488,"PTPRC","C",0.91,0.11332868530700327,0.027358553661632017,1.7E-5,58284,{"v":2.9432770401910131E-4,"d":"0.000294"},{"v":17.159057631677125,"d":"17.159"}]
["RA","rs17264332","Trans-ethnic",6,138005515,"TNFAIP3","G",0.24,0.1570037488096647,0.017449675225612395,3.9e-20,65574,{"v":1.2330794719414737E-3,"d":"0.001233"},{"v":80.95531146686072,"d":"80.955"}]
["RA","rs1633360","Trans-ethnic",12,58108052,"CDK4","T",0.51,0.06765864847381486,0.014308537410980511,9.6e-08,89849,{"v":2.4879663646720421E-4,"d":"0.000249"},{"v":22.359194289002122,"d":"22.359"}]
["RA","rs1571878","Trans-ethnic",6,167540842,"CCR6","C",0.49,0.1570037488096647,0.013085024078456783,5e-35,89750,{"v":1.6015853798983615E-3,"d":"0.001602"},{"v":143.9696643847456,"d":"143.970"}]
["RA","rs1516971","Trans-ethnic",8,129542100,"PVT1","T",0.9,0.13976194237515863,0.02219677984429328,1.3e-10,83967,{"v":4.7194849009269953E-4,"d":"0.000472"},{"v":39.645865777125444,"d":"39.646"}]
["RA","rs13385025","Trans-ethnic",2,62461120,"B3GNT2","A",0.18,0.10436001532424286,0.02060238689909652,8.8e-07,62519,{"v":4.1025780530423738E-4,"d":"0.000410"},{"v":25.658613860814697,"d":"25.659"}]
["RA","rs13330176","Trans-ethnic",16,86019087,"IRF8","A",0.31,0.11332868530700327,0.015878140019699186,1.4e-12,75062,{"v":6.7823037308331331E-4,"d":"0.000678"},{"v":50.94252256972176,"d":"50.943"}]
["RA","rs13142500","Trans-ethnic",4,10727357,"CLNK","C",0.51,0.09531017980432493,0.013918108227151595,3E-9,62519,{"v":0.000749539262398079,"d":"0.000750"},{"v":46.894095032742364,"d":"46.894"}]
["RA","rs12413578","Trans-ethnic",10,9049253,"10p14","C",0.92,0.1823215567939546,0.033781782053400926,4.8E-8,42101,{"v":6.9141495376970417E-4,"d":"0.000691"},{"v":29.128017685752376,"d":"29.128"}]
["RA","rs12140275","Trans-ethnic",1,38633879,"LOC339442","A",0.82,0.10436001532424286,0.01616571783994621,2e-09,85660,{"v":4.8629421550563121E-4,"d":"0.000486"},{"v":41.675256347873045,"d":"41.675"}]
["RA","rs11933540","Trans-ethnic",4,26120001,"C4orf52","C",0.34,0.13976194237515863,0.0177533907651008,8.8E-17,58284,{"v":1.0622316019038328E-3,"d":"0.001062"},{"v":61.97481382792932,"d":"61.975"}]
["RA","rs11889341","Trans-ethnic",2,191943742,"STAT4","T",0.27,0.12221763272424911,0.015738155358505042,3.6e-19,89934,{"v":6.7012326914537342E-4,"d":"0.000670"},{"v":60.30593825327288,"d":"60.306"}]
["RA","rs11605042","Trans-ethnic",11,72411664,"ARAP1","G",0.54,0.058268908123975824,0.016773310602750127,4.9e-05,62519,{"v":1.9299862998700985E-4,"d":"0.000193"},{"v":12.068024463085921,"d":"12.068"}]
["RA","rs11574914","Trans-ethnic",9,34710338,"CCL19-CCL21","A",0.31,0.11332868530700327,0.013669450544414851,2.6E-15,84954,{"v":0.000808449190267138,"d":"0.000808"},{"v":68.7349443216538,"d":"68.735"}]
["RA","rs11089637","Trans-ethnic",22,21979096,"UBE2L3-YDJC","C",0.29,0.0769610411361284,0.014175982437451736,2.1e-09,102852,{"v":2.8648824130371458E-4,"d":"0.000286"},{"v":29.47375950361184,"d":"29.474"}]
["RA","rs10985070","Trans-ethnic",9,123636121,"TRAF1-C5","C",0.46,0.0769610411361284,0.011757935510272202,5e-11,89965,{"v":4.7600226249704184E-4,"d":"0.000476"},{"v":42.842984898765316,"d":"42.843"}]
["RA","rs10790268","Trans-ethnic",11,118729391,"CXCR5","G",0.82,0.131028262406404,0.015600618151359815,1.1e-15,89837,{"v":7.8462092696414052E-4,"d":"0.000785"},{"v":70.54176952241593,"d":"70.542"}]
["RA","rs10774624","Trans-ethnic",12,111833788,"SH2B3-PTPN11","G",0.51,0.08617769624105241,0.016313450153130942,6.8e-09,64396,{"v":4.3317616248537884E-4,"d":"0.000433"},{"v":27.906034035817306,"d":"27.906"}]
["RA","rs10175798","Trans-ethnic",2,30449594,"LBH","A",0.57,0.0769610411361284,0.011757935510272202,1.1e-09,89722,{"v":4.7729086417163725E-4,"d":"0.000477"},{"v":42.842984898765316,"d":"42.843"}]
["RA","rs10028001","Trans-ethnic",4,79502972,"ANXA3","T",0.41,0.058268908123975824,0.01444359540803775,0.00034,62519,{"v":2.6026271528363585E-4,"d":"0.000260"},{"v":16.275079967890964,"d":"16.275"}]
["RA","chrX:78464616","Trans-ethnic","X",78464616,"P2RY10","A",0.37,0.10436001532424286,0.018393697423812184,3.5e-08,40112,{"v":8.0191645050639289E-4,"d":"0.000802"},{"v":32.19068306811678,"d":"32.191"}]
["RA","chr7:128580042","Trans-ethnic",7,128580042,"IRF5","G",0.42,0.11332868530700327,0.013669450544414851,1.1E-14,80798,{"v":8.4999900598178358E-4,"d":"0.000850"},{"v":68.7349443216538,"d":"68.735"}]
["RA","chr6:14103212","Trans-ethnic",6,14103212,"CD83","T",0.1,0.12221763272424911,0.02474292499676265,3.1E-7,69953,{"v":3.486745718896385E-4,"d":"0.000349"},{"v":24.39864216436345,"d":"24.399"}]
["RA","chr21:35928240","Trans-ethnic",21,35928240,"RCAN1","C",0.91,0.10436001532424286,0.02060238689909652,3e-07,90007,{"v":2.8499862442264067E-4,"d":"0.000285"},{"v":25.658613860814697,"d":"25.659"}]
["RA","chr19:10771941","Trans-ethnic",19,10771941,"ILF3","C",0.98,0.3852624007906449,0.06389269437785018,8.6e-10,46257,{"v":7.8543620723943138E-4,"d":"0.000785"},{"v":36.358909369734626,"d":"36.359"}]
["RA","chr17:38031857","Trans-ethnic",17,38031857,"IKZF3-CSF3","G",0.43,0.08617769624105241,0.011650519600303165,2.3e-12,90011,{"v":6.0750424616927456E-4,"d":"0.000608"},{"v":54.71408873468184,"d":"54.714"}]
["RA","chr11:107967350","Trans-ethnic",11,107967350,"ATM","A",0.94,0.1906203596086497,0.033781782053400926,1.4E-8,47364,{"v":6.7181788183442071E-4,"d":"0.000672"},{"v":31.84002922043025,"d":"31.840"}]
["RA","chr1:2523811","Trans-ethnic",1,2523811,"TNFRSF14-MMEL1","G",0.69,0.10436001532424286,0.016020638071181183,7.8e-14,88126,{"v":4.8128838063683544E-4,"d":"0.000481"},{"v":42.4334799961126,"d":"42.433"}]
["RA","chr1:161644258","Trans-ethnic",1,161644258,"FCGR2B","C",0.29,0.11332868530700327,0.029511326275373,8.2e-05,24277,{"v":6.0712659248136089E-4,"d":"0.000607"},{"v":14.74695129877655,"d":"14.747"}]
["Abbreviations: RA, rheumatoid arthritis; IBD, inflammatory bowel disease; UC, ulcerative colitis; CD, Crohn’s disease; SNP, single nucleotide polymorphism; EA, effect allele; EAF, effect allele frequency; SE, standard error."]

{"sheet":"eTable2","index":1,"n_rows":95,"n_cols":15,"rows_kept":95,"merged":[[0,0,0,14],[1,0,2,0],[1,1,2,1],[1,2,2,2],[1,3,2,3],[1,4,1,6],[1,8,1,10],[1,12,1,14],[94,0,95,14]]}
["eTable2.Summary Statistics for Association Between SNPs Related with RA and IBD, UC and CD."]
["Disease","SNP","Chr","EA","               IBD result                   ",{"$nulls":3},"                       UC result                 ",{"$nulls":3},"                     CD result             "]
[{"$nulls":4},"Beta","SE","P",null,"Beta","SE","P",null,"Beta","SE","P"]
["RA","rs998731",8,"T",{"v":-0.03660174564456075,"d":"-0.0366"},{"v":0.017,"d":"0.0170"},{"v":0.03114,"d":"0.0311"},null,{"v":-0.03720354899754411,"d":"-0.0372"},0.0213,{"v":0.08072,"d":"0.0807"},null,{"v":-0.02609759912187311,"d":"-0.0261"},0.0232,{"v":0.26,"d":"0.2600"}]
["RA","rs9826828",3,"A",{"v":0.042101176018635326,"d":"0.0421"},0.0669,0.5297,null,{"v":0.06380074905066183,"d":"0.0638"},0.0826,0.4403,null,{"v":0.01970458327433543,"d":"0.0197"},0.0928,0.8319]
["RA","rs968567",11,"C",{"v":0.030403105911044646,"d":"0.0304"},0.0225,{"v":0.176,"d":"0.1760"},null,{"v":2.3971245997214514E-3,"d":"0.0024"},0.0282,0.9311,null,{"v":0.08330200577080293,"d":"0.0833"},0.0307,{"v":6.633E-3,"d":"0.0066"}]
["RA","rs9653442",2,"C",{"v":-0.03359814943093549,"d":"-0.0336"},0.0168,{"v":0.04525,"d":"0.0453"},null,{"v":-0.06730501101091398,"d":"-0.0673"},0.0212,{"v":0.001465,"d":"0.0015"},null,{"v":0.01299519549481131,"d":"0.0130"},0.0228,0.5694]
["RA","rs9603616",13,"C",{"v":-0.06820389709483118,"d":"-0.0682"},{"v":0.018,"d":"0.0180"},{"v":0.0001536,"d":"0.0002"},null,{"v":-0.08110160143704147,"d":"-0.0811"},0.0228,{"v":0.0003783,"d":"0.0004"},null,{"v":-0.04319981930621921,"d":"-0.0432"},0.0246,{"v":0.07846,"d":"0.0785"}]
["RA","rs947474",10,"A",{"v":0.03290271967570779,"d":"0.0329"},0.0214,0.1248,null,{"v":0.013202462677756021,"d":"0.0132"},0.0269,0.6251,null,{"v":0.0595982128860241,"d":"0.0596"},0.0292,{"v":0.04096,"d":"0.0410"}]
["RA","rs9378815",6,"C",{"v":0.03569527532445143,"d":"0.0357"},0.0183,{"v":0.05085,"d":"0.0509"},null,{"v":0.03430480369199024,"d":"0.0343"},0.0229,0.1341,null,{"v":0.05499941821860464,"d":"0.0550"},{"v":0.025,"d":"0.0250"},{"v":0.02804,"d":"0.0280"}]
["RA","rs9373594",6,"T",{"v":-0.060801512460662385,"d":"-0.0608"},0.0231,{"v":0.008418,"d":"0.0084"},null,{"v":-0.09969879570711838,"d":"-0.0997"},0.0289,{"v":5.664E-4,"d":"0.0006"},null,{"v":-0.022102469907947234,"d":"-0.0221"},0.0314,0.4824]
["RA","rs9372120",6,"G",{"v":0.020204507315899487,"d":"0.0202"},0.0212,{"v":0.342,"d":"0.3420"},null,{"v":0.038595517759362916,"d":"0.0386"},0.0267,0.1481,null,{"v":-0.010798090099512627,"d":"-0.0108"},0.0292,0.7114]
["RA","rs909685",22,"A",{"v":0.053199476467577465,"d":"0.0532"},0.0187,{"v":4.444E-3,"d":"0.0044"},null,{"v":0.05240267879304842,"d":"0.0524"},0.0235,{"v":0.02591,"d":"0.0259"},null,{"v":0.05019869553274589,"d":"0.0502"},0.0255,0.0489]
["RA","rs8133843",21,"A",{"v":-0.008001930219058533,"d":"-0.0080"},0.0177,0.6505,null,{"v":3.4041991335623566E-3,"d":"0.0034"},0.0222,0.8802,null,{"v":-0.011799339216043125,"d":"-0.0118"},0.0242,0.6273]
["RA","rs8083786",18,"G",{"v":-0.11310151111301454,"d":"-0.1131"},0.0229,{"v":7.664e-07,"d":"0.0000"},null,{"v":-0.04860218183921747,"d":"-0.0486"},0.0289,{"v":0.09277,"d":"0.0928"},null,{"v":-0.1976951268606223,"d":"-0.1977"},0.0306,{"v":1.1e-10,"d":"0.0000"}]
["RA","rs8032939",15,"C",{"v":-0.03340167663403035,"d":"-0.0334"},0.0192,{"v":0.08233,"d":"0.0823"},null,{"v":0.014504302202808005,"d":"0.0145"},0.0244,0.5514,null,{"v":-0.09679728499733843,"d":"-0.0968"},0.0258,{"v":0.0001782,"d":"0.0002"}]
["RA","rs8026898",15,"A",{"v":-0.027299256937822494,"d":"-0.0273"},0.0187,0.1444,null,{"v":-0.016403809825676748,"d":"-0.0164"},0.0236,0.4874,null,{"v":-0.03359814943093549,"d":"-0.0336"},0.0255,0.1882]
["RA","rs793108",10,"T",{"v":-0.014596005307409166,"d":"-0.0146"},0.0167,{"v":0.383,"d":"0.3830"},null,{"v":-3.1950988965408554E-3,"d":"-0.0032"},0.0211,0.8813,null,{"v":-0.055502139161605214,"d":"-0.0555"},0.0228,{"v":0.01496,"d":"0.0150"}]
["RA","rs7752903",6,"G",{"v":0.03810470603354565,"d":"0.0381"},0.0502,0.4478,null,{"v":0.02359933225032438,"d":"0.0236"},{"v":0.064,"d":"0.0640"},0.7125,null,{"v":0.05379665835564168,"d":"0.0538"},0.0683,0.4305]
["RA","rs7731626",5,"G",{"v":-0.036197288311887815,"d":"-0.0362"},0.0201,{"v":0.07166,"d":"0.0717"},null,{"v":-0.014596005307409166,"d":"-0.0146"},0.0252,0.5617,null,{"v":-0.06620390712330475,"d":"-0.0662"},0.0276,{"v":0.01626,"d":"0.0163"}]
["RA","rs773125",12,"A",{"v":0.011898926157099114,"d":"0.0119"},0.0177,{"v":0.501,"d":"0.5010"},null,{"v":0.011602430730839794,"d":"0.0116"},0.0224,0.6031,null,{"v":0.013399820063016526,"d":"0.0134"},0.0241,0.5799]
["RA","rs73194058",21,"C",{"v":0.03959564285835441,"d":"0.0396"},0.0257,0.1239,null,{"v":0.03829720993234405,"d":"0.0383"},0.0323,0.2357,null,{"v":0.038701347537074895,"d":"0.0387"},0.0349,0.2667]
["RA","rs73081554",3,"T",{"v":0.010603582784191101,"d":"0.0106"},{"v":0.036,"d":"0.0360"},0.7683,null,{"v":-0.01860194839966163,"d":"-0.0186"},0.0454,{"v":0.682,"d":"0.6820"},null,{"v":0.029995600035380505,"d":"0.0300"},{"v":0.049,"d":"0.0490"},0.5407]
["RA","rs73013527",11,"C",{"v":0.007303266110120069,"d":"0.0073"},0.0179,{"v":0.684,"d":"0.6840"},null,{"v":-7.0024511439342589E-4,"d":"-0.0007"},0.0225,0.9759,null,{"v":0.039701366851552046,"d":"0.0397"},0.0247,0.1078]
["RA","rs72717009",1,"T",{"v":0.026797712385377877,"d":"0.0268"},0.0265,0.3116,null,{"v":0.04899966603190793,"d":"0.0490"},0.0335,0.1437,null,{"v":-1.6012813669738792E-3,"d":"-0.0016"},0.0357,0.9645]
["RA","rs72634030",17,"A",{"v":-0.015601066228651188,"d":"-0.0156"},0.0341,0.6481,null,{"v":0,"d":"0.0000"},0.0427,0.9994,null,{"v":-0.04670384205374319,"d":"-0.0467"},{"v":0.047,"d":"0.0470"},0.3198]
["RA","rs726288",10,"T",{"v":0.002696361547742533,"d":"0.0027"},0.0497,0.9559,null,{"v":0.027401136347939052,"d":"0.0274"},0.0632,0.6648,null,{"v":0.003603499589623571,"d":"0.0036"},0.0661,0.9567]
["RA","rs71508903",10,"T",{"v":0.06180040090544681,"d":"0.0618"},0.0217,{"v":0.004404,"d":"0.0044"},null,{"v":0.08899939956258178,"d":"0.0890"},0.0271,{"v":0.001048,"d":"0.0010"},null,{"v":0.02250485534006941,"d":"0.0225"},0.0297,0.4482]
["RA","rs706778",10,"T",{"v":0.04730334511586653,"d":"0.0473"},{"v":0.017,"d":"0.0170"},{"v":0.005439,"d":"0.0054"},null,{"v":0.059701843246043974,"d":"0.0597"},0.0214,{"v":0.005284,"d":"0.0053"},null,{"v":0.02700213870257076,"d":"0.0270"},0.0232,0.2449]
["RA","rs678347",8,"G",{"v":-0.016403809825676748,"d":"-0.0164"},0.0188,{"v":0.382,"d":"0.3820"},null,{"v":-0.008899483187032747,"d":"-0.0089"},0.0237,0.7066,null,{"v":-0.02080492943318829,"d":"-0.0208"},0.0256,0.4166]
["RA","rs6732565",2,"A",{"v":9.197572354042052E-3,"d":"0.0092"},0.0173,0.5964,null,{"v":0.010702523133135692,"d":"0.0107"},0.0218,0.6227,null,{"v":-1.0005003335835344E-3,"d":"-0.0010"},0.0234,0.9652]
["RA","rs67250450",7,"T",{"v":-0.028800789605726435,"d":"-0.0288"},0.0202,{"v":0.154,"d":"0.1540"},null,{"v":0.011800104115750618,"d":"0.0118"},0.0257,0.6447,null,{"v":-0.05899657280771748,"d":"-0.0590"},0.0272,{"v":0.03004,"d":"0.0300"}]
["RA","rs6715284",2,"G",{"v":-0.0625990697565225,"d":"-0.0626"},0.0276,0.0233,null,{"v":-0.05849813439430994,"d":"-0.0585"},0.0348,{"v":0.09336,"d":"0.0934"},null,{"v":-0.02789548631875345,"d":"-0.0279"},0.0372,0.4533]
["RA","rs657075",5,"A",{"v":-0.018204704654846336,"d":"-0.0182"},0.0285,0.5223,null,{"v":0.012896481735020195,"d":"0.0129"},0.0356,0.7178,null,{"v":-0.06749756144902634,"d":"-0.0675"},0.0389,{"v":0.08237,"d":"0.0824"}]
["RA","rs6479800",10,"C",{"v":0.009702775461385121,"d":"0.0097"},0.0202,0.6291,null,{"v":-0.007699565726440575,"d":"-0.0077"},0.0256,0.7637,null,{"v":0.038200962615163724,"d":"0.0382"},0.0273,0.1613]
["RA","rs624988",1,"T",{"v":0.029102387420532883,"d":"0.0291"},0.0172,{"v":0.08989,"d":"0.0899"},null,{"v":0.04169841035567579,"d":"0.0417"},0.0215,{"v":0.05238,"d":"0.0524"},null,{"v":0.033396090618428534,"d":"0.0334"},0.0236,{"v":0.157,"d":"0.1570"}]
["RA","rs508970",11,"C",{"v":0.0454990400712183,"d":"0.0455"},0.0167,{"v":0.006451,"d":"0.0065"},null,{"v":0.05150077286240319,"d":"0.0515"},0.0211,{"v":0.01468,"d":"0.0147"},null,{"v":0.03500028118462145,"d":"0.0350"},0.0227,0.1236]
["RA","rs4780401",16,"A",{"v":-0.01960084765506085,"d":"-0.0196"},0.0175,0.2613,null,{"v":-0.039603986593163366,"d":"-0.0396"},{"v":0.022,"d":"0.0220"},{"v":0.07169,"d":"0.0717"},null,{"v":0.014996981005907737,"d":"0.0150"},0.0239,{"v":0.53,"d":"0.5300"}]
["RA","rs4656942",1,"T",{"v":0.027303834527345236,"d":"0.0273"},0.0203,0.1795,null,{"v":0.04140102684867562,"d":"0.0414"},0.0255,0.1046,null,{"v":0.03179900954894899,"d":"0.0318"},0.0278,0.2521]
["RA","rs45475795",4,"G",{"v":-0.07620093009373541,"d":"-0.0762"},{"v":0.032,"d":"0.0320"},{"v":0.01713,"d":"0.0171"},null,{"v":-0.07559677217437576,"d":"-0.0756"},0.0403,{"v":0.06056,"d":"0.0606"},null,{"v":-0.05869960085877781,"d":"-0.0587"},0.0435,0.1769]
["RA","rs4452313",3,"G",{"v":0.007104701729931723,"d":"0.0071"},0.0184,0.6992,null,{"v":0.024097313483793976,"d":"0.0241"},0.0233,0.3009,null,{"v":-0.013997509643853661,"d":"-0.0140"},0.0248,0.5729]
["RA","rs4409785",11,"T",{"v":0.056304716210467586,"d":"0.0563"},0.0229,{"v":0.01378,"d":"0.0138"},null,{"v":0.03899953484900962,"d":"0.0390"},0.0289,{"v":0.178,"d":"0.1780"},null,{"v":0.0608975257512388,"d":"0.0609"},0.0312,{"v":0.05094,"d":"0.0509"}]
["RA","rs4272",7,"G",{"v":0.009900824677262433,"d":"0.0099"},0.0212,0.6402,null,{"v":-2.1022080918701985E-3,"d":"-0.0021"},0.0265,{"v":0.936,"d":"0.9360"},null,{"v":0.03440142671733232,"d":"0.0344"},0.0291,0.2371]
["RA","rs4239702",20,"C",{"v":0.056304716210467586,"d":"0.0563"},0.0186,{"v":0.002474,"d":"0.0025"},null,{"v":0.033898885005459185,"d":"0.0339"},0.0235,0.1499,null,{"v":0.07759972602239636,"d":"0.0776"},0.0252,{"v":0.002053,"d":"0.0021"}]
["RA","rs3824660",10,"C",{"v":-0.06830025425879313,"d":"-0.0683"},0.0175,{"v":9.855e-05,"d":"0.0001"},null,{"v":-0.07840488297427826,"d":"-0.0784"},0.0217,{"v":0.0003049,"d":"0.0003"},null,{"v":-0.04849720708554931,"d":"-0.0485"},0.0244,{"v":0.04729,"d":"0.0473"}]
["RA","rs3806624",3,"G",{"v":-0.01949887343405554,"d":"-0.0195"},0.0174,0.2632,null,{"v":-0.01159698584566318,"d":"-0.0116"},{"v":0.022,"d":"0.0220"},0.5974,null,{"v":-0.023299333654403523,"d":"-0.0233"},0.0237,0.3248]
["RA","rs3783782",14,"A",{"v":-0.04769975887742032,"d":"-0.0477"},0.0835,0.5674,null,{"v":0.050598052763091435,"d":"0.0506"},0.1032,0.6242,null,{"v":-0.161801539824468,"d":"-0.1618"},0.1179,0.1701]
["RA","rs34695944",2,"C",{"v":-0.035295626394724625,"d":"-0.0353"},0.0174,{"v":0.04318,"d":"0.0432"},null,{"v":-0.07760484833551547,"d":"-0.0776"},0.0218,{"v":0.0003755,"d":"0.0004"},null,{"v":0.022397297442038326,"d":"0.0224"},0.0239,0.3502]
["RA","rs34536443",19,"G",{"v":-0.2254963168978069,"d":"-0.2255"},0.0583,{"v":1.088E-4,"d":"0.0001"},null,{"v":-0.07840488297427826,"d":"-0.0784"},{"v":0.071,"d":"0.0710"},0.2695,null,{"v":-0.43650695952369145,"d":"-0.4365"},0.0855,{"v":3.294e-07,"d":"0.0000"}]
["RA","rs331463",11,"T",{"v":0.06399774994718402,"d":"0.0640"},0.0231,{"v":0.005512,"d":"0.0055"},null,{"v":0.08070402741496266,"d":"0.0807"},0.0289,{"v":0.005227,"d":"0.0052"},null,{"v":0.02989855034586335,"d":"0.0299"},0.0313,0.3388]
["RA","rs3218251",22,"A",{"v":0.0189983824093147,"d":"0.0190"},0.0191,0.3186,null,{"v":0.004897985262191928,"d":"0.0049"},0.0242,0.8393,null,{"v":0.04140102684867562,"d":"0.0414"},0.0259,0.1098]
["RA","rs3087243",2,"G",{"v":-0.012902885355523391,"d":"-0.0129"},0.0168,0.4412,null,{"v":-0.00510299817590334,"d":"-0.0051"},0.0212,0.8089,null,{"v":-0.03250253076197401,"d":"-0.0325"},0.0228,0.1535]
["RA","rs28411352",1,"T",{"v":0.006995474512386438,"d":"0.0070"},0.0202,{"v":0.729,"d":"0.7290"},null,{"v":3.8027603329278594E-3,"d":"0.0038"},0.0252,0.8789,null,{"v":0.015400796576022903,"d":"0.0154"},{"v":0.028,"d":"0.0280"},0.5812]
["RA","rs2736337",8,"C",{"v":0.009395721640362184,"d":"0.0094"},0.0201,0.6403,null,{"v":0.03500028118462145,"d":"0.0350"},0.0254,0.1694,null,{"v":-0.024302938523173494,"d":"-0.0243"},0.0273,0.3742]
["RA","rs2671692",10,"A",{"v":0.019302502254497422,"d":"0.0193"},0.0174,0.2666,null,{"v":0.022895877476904466,"d":"0.0229"},{"v":0.022,"d":"0.0220"},0.2986,null,{"v":0.004101577021075048,"d":"0.0041"},0.0236,0.8637]
["RA","rs2664035",4,"A",{"v":-0.003696824844289762,"d":"-0.0037"},0.0172,0.8286,null,{"v":-0.012204168838906746,"d":"-0.0122"},0.0216,0.5728,null,{"v":0.0177023841130051,"d":"0.0177"},0.0237,0.4544]
["RA","rs2582532",14,"C",{"v":0.019302502254497422,"d":"0.0193"},0.0671,{"v":0.774,"d":"0.7740"},null,{"v":0.027799974857678968,"d":"0.0278"},0.0846,{"v":0.742,"d":"0.7420"},null,{"v":0.07530225870954241,"d":"0.0753"},0.0898,0.4019]
["RA","rs2561477",5,"G",{"v":-0.009000382197299046,"d":"-0.0090"},0.0182,0.6201,null,{"v":-0.015895669405385005,"d":"-0.0159"},0.0229,0.4864,null,{"v":0.007501791070322612,"d":"0.0075"},0.0247,0.7604]
["RA","rs2476601",1,"A",{"v":-0.050104527566687984,"d":"-0.0501"},{"v":0.029,"d":"0.0290"},0.0837,null,{"v":0.06890086725469177,"d":"0.0689"},{"v":0.035,"d":"0.0350"},{"v":0.04859,"d":"0.0486"},null,{"v":-0.21910173048787812,"d":"-0.2191"},0.0425,{"v":2.496e-07,"d":"0.0000"}]
["RA","rs2469434",18,"C",{"v":-0.04539493449039222,"d":"-0.0454"},0.0176,{"v":0.00998,"d":"0.0100"},null,{"v":-0.01970283227586843,"d":"-0.0197"},0.0223,0.3771,null,{"v":-0.0575020022714588,"d":"-0.0575"},0.0239,0.0163]
["RA","rs2451258",6,"T",{"v":-0.047804649948139745,"d":"-0.0478"},0.0178,{"v":0.007351,"d":"0.0074"},null,{"v":-2.1022080918701985E-3,"d":"-0.0021"},0.0224,0.9244,null,{"v":-0.11739935926958264,"d":"-0.1174"},0.0242,{"v":1.275e-06,"d":"0.0000"}]
["RA","rs2317230",1,"T",{"v":-9.0040524316415511E-4,"d":"-0.0009"},0.0171,0.9594,null,{"v":-0.010899180869000552,"d":"-0.0109"},0.0216,0.6138,null,{"v":0.01980262729617973,"d":"0.0198"},0.0233,0.3946]
["RA","rs2301888",1,"G",{"v":-7.5987978753305095E-3,"d":"-0.0076"},0.0181,0.6733,null,{"v":0.011602430730839794,"d":"0.0116"},0.0226,0.6065,null,{"v":-0.021898021101216133,"d":"-0.0219"},{"v":0.025,"d":"0.0250"},0.3808]
["RA","rs227163",1,"C",{"v":-0.047804649948139745,"d":"-0.0478"},0.0169,{"v":0.004782,"d":"0.0048"},null,{"v":-0.05349571794275056,"d":"-0.0535"},0.0212,{"v":0.01159,"d":"0.0116"},null,{"v":-0.027104017692058863,"d":"-0.0271"},0.0232,0.2425]
["RA","rs2236668",21,"C",{"v":-0.06559507909841024,"d":"-0.0656"},0.0187,{"v":0.0004547,"d":"0.0005"},null,{"v":-0.05890110792016103,"d":"-0.0589"},0.0235,{"v":0.01232,"d":"0.0123"},null,{"v":-0.06230102619737934,"d":"-0.0623"},0.0257,{"v":0.01516,"d":"0.0152"}]
["RA","rs2234067",6,"C",{"v":-0.007800343732733895,"d":"-0.0078"},0.0257,0.7612,null,{"v":-0.0694036701388791,"d":"-0.0694"},0.0327,{"v":0.03382,"d":"0.0338"},null,{"v":0.06720059966023859,"d":"0.0672"},0.0349,{"v":0.05367,"d":"0.0537"}]
["RA","rs2233424",6,"T",{"v":-0.07430337585916705,"d":"-0.0743"},0.0491,0.1301,null,{"v":-0.10719553160355597,"d":"-0.1072"},0.0626,{"v":0.087,"d":"0.0870"},null,{"v":-0.022695607932188482,"d":"-0.0227"},0.0667,0.7339]
["RA","rs2228145",1,"A",{"v":0.016798118275880947,"d":"0.0168"},0.0171,0.3263,null,{"v":-6.0985584618694685E-3,"d":"-0.0061"},0.0216,0.7781,null,{"v":0.06809780436719676,"d":"0.0681"},0.0233,{"v":3.441E-3,"d":"0.0034"}]
["RA","rs2105325",1,"C",{"v":0.033396090618428534,"d":"0.0334"},0.0191,{"v":0.08009,"d":"0.0801"},null,{"v":0.0332993704009261,"d":"0.0333"},{"v":0.024,"d":"0.0240"},0.1644,null,{"v":0.04340425760728556,"d":"0.0434"},0.0259,{"v":0.09341,"d":"0.0934"}]
["RA","rs1980422",2,"C",{"v":-0.06400532997591243,"d":"-0.0640"},0.0194,{"v":0.0009575,"d":"0.0010"},null,{"v":-0.08279482460891507,"d":"-0.0828"},0.0244,{"v":0.0006791,"d":"0.0007"},null,{"v":-0.038595308759384765,"d":"-0.0386"},0.0264,0.1439]
["RA","rs1950897",14,"T",{"v":0.03729578474369693,"d":"0.0373"},0.0183,0.0422,null,{"v":0.029296631955588025,"d":"0.0293"},0.0231,0.2054,null,{"v":0.025004758989566053,"d":"0.0250"},0.0249,0.3155]
["RA","rs1893592",21,"A",{"v":0.04899966603190793,"d":"0.0490"},0.0197,{"v":0.01275,"d":"0.0128"},null,{"v":0.05659770111438987,"d":"0.0566"},0.0244,0.0204,null,{"v":0.025199801021742137,"d":"0.0252"},0.0276,0.3618]
["RA","rs1877030",17,"C",{"v":-0.07010062767948907,"d":"-0.0701"},0.0231,{"v":0.002389,"d":"0.0024"},null,{"v":-0.05309491633417875,"d":"-0.0531"},0.0291,{"v":0.06831,"d":"0.0683"},null,{"v":-0.09579529745486678,"d":"-0.0958"},0.0313,{"v":0.002229,"d":"0.0022"}]
["RA","rs1858037",2,"T",{"v":0.04090199132042574,"d":"0.0409"},0.0174,{"v":0.01916,"d":"0.0192"},null,{"v":0.026301074419370695,"d":"0.0263"},{"v":0.022,"d":"0.0220"},0.2332,null,{"v":0.05019869553274589,"d":"0.0502"},0.0237,{"v":0.03395,"d":"0.0340"}]
["RA","rs17668708",1,"C",{"v":0.04659728537678226,"d":"0.0466"},{"v":0.027,"d":"0.0270"},{"v":0.08494,"d":"0.0849"},null,{"v":0.010702523133135692,"d":"0.0107"},0.0344,0.7553,null,{"v":0.10159945171559198,"d":"0.1016"},0.0362,{"v":0.004935,"d":"0.0049"}]
["RA","rs17264332",6,"G",{"v":-0.11010508668858329,"d":"-0.1101"},0.0202,{"v":4.791e-08,"d":"0.0000"},null,{"v":-0.16469777204040525,"d":"-0.1647"},0.0251,{"v":5.119E-11,"d":"0.0000"},null,{"v":-0.03919831340415758,"d":"-0.0392"},{"v":0.028,"d":"0.0280"},{"v":0.161,"d":"0.1610"}]
["RA","rs1633360",12,"T",{"v":0.028004196409597344,"d":"0.0280"},0.0172,0.1026,null,{"v":0.02700213870257076,"d":"0.0270"},0.0216,0.2108,null,{"v":0.029597636438943573,"d":"0.0296"},0.0234,0.2066]
["RA","rs1571878",6,"C",{"v":-0.02939791518456112,"d":"-0.0294"},{"v":0.017,"d":"0.0170"},0.0841,null,{"v":-0.00820355735068832,"d":"-0.0082"},0.0214,0.7012,null,{"v":-0.060801512460662385,"d":"-0.0608"},0.0232,{"v":0.008804,"d":"0.0088"}]
["RA","rs1516971",8,"T",{"v":0.064297867182731,"d":"0.0643"},0.0253,{"v":0.01102,"d":"0.0110"},null,{"v":-0.016403809825676748,"d":"-0.0164"},0.0313,0.5996,null,{"v":0.16380110715657561,"d":"0.1638"},0.0356,{"v":4.11e-06,"d":"0.0000"}]
["RA","rs13385025",2,"A",{"v":0.009801804972260257,"d":"0.0098"},0.0283,0.7279,null,{"v":0.04320315730064803,"d":"0.0432"},0.0357,0.2263,null,{"v":-0.04929529172487751,"d":"-0.0493"},0.0386,0.2023]
["RA","rs13330176",16,"A",{"v":-2.6033858701149278E-3,"d":"-0.0026"},0.0223,0.9087,null,{"v":0.001698556635581512,"d":"0.0017"},0.0277,0.9523,null,{"v":-0.005495070281979874,"d":"-0.0055"},0.0309,0.8581]
["RA","rs13142500",4,"C",{"v":-0.027504813122190153,"d":"-0.0275"},0.0186,0.1388,null,{"v":-0.021703833443786583,"d":"-0.0217"},0.0233,0.3509,null,{"v":-0.04080116140393269,"d":"-0.0408"},0.0253,0.1067]
["RA","rs12413578",10,"C",{"v":-0.007296555232637999,"d":"-0.0073"},{"v":0.028,"d":"0.0280"},{"v":0.794,"d":"0.7940"},null,{"v":-0.024200483705658367,"d":"-0.0242"},{"v":0.036,"d":"0.0360"},0.5025,null,{"v":0.02460480385724874,"d":"0.0246"},{"v":0.037,"d":"0.0370"},0.5063]
["RA","rs12140275",1,"A",{"v":0.0127977582298607,"d":"0.0128"},0.0195,0.5104,null,{"v":0.019998686506689123,"d":"0.0200"},0.0245,0.4151,null,{"v":0.00819631822448586,"d":"0.0082"},0.0266,0.7595]
["RA","rs11933540",4,"C",{"v":-0.05150384286711561,"d":"-0.0515"},0.0188,{"v":0.006153,"d":"0.0062"},null,{"v":-0.04060326844254777,"d":"-0.0406"},0.0234,{"v":0.08261,"d":"0.0826"},null,{"v":-0.0832946561978111,"d":"-0.0833"},0.0259,{"v":0.001303,"d":"0.0013"}]
["RA","rs11889341",2,"T",{"v":-0.07720507090897151,"d":"-0.0772"},0.0204,{"v":1.605E-4,"d":"0.0002"},null,{"v":-0.0832946561978111,"d":"-0.0833"},0.0259,{"v":0.001301,"d":"0.0013"},null,{"v":-0.07390491584797204,"d":"-0.0739"},0.0277,{"v":0.007637,"d":"0.0076"}]
["RA","rs11605042",11,"G",{"v":-0.015205012542967612,"d":"-0.0152"},0.0168,0.3642,null,{"v":-0.020998942596058265,"d":"-0.0210"},0.0212,0.3201,null,{"v":-0.0114958245134845,"d":"-0.0115"},0.0229,0.6148]
["RA","rs11574914",9,"A",{"v":0.03569527532445143,"d":"0.0357"},0.0181,{"v":0.04856,"d":"0.0486"},null,{"v":0.032196098216316915,"d":"0.0322"},0.0229,{"v":0.159,"d":"0.1590"},null,{"v":0.04110355487841705,"d":"0.0411"},0.0246,{"v":0.09434,"d":"0.0943"}]
["RA","rs11089637",22,"C",{"v":-0.13450329333847916,"d":"-0.1345"},0.0227,{"v":3.187e-09,"d":"0.0000"},null,{"v":-0.09390416870134811,"d":"-0.0939"},0.0285,{"v":0.0009853,"d":"0.0010"},null,{"v":-0.1811023003892252,"d":"-0.1811"},0.0308,{"v":4.254e-09,"d":"0.0000"}]
["RA","rs10985070",9,"C",{"v":-0.0227979086760041,"d":"-0.0228"},0.0173,0.1862,null,{"v":-1.7014466397575704E-3,"d":"-0.0017"},0.0218,0.9372,null,{"v":-0.03190354901300828,"d":"-0.0319"},0.0234,0.1738]
["RA","rs10790268",11,"G",{"v":-0.023002541565316007,"d":"-0.0230"},0.0209,0.2703,null,{"v":-0.02569736718725866,"d":"-0.0257"},0.0264,0.3311,null,{"v":-0.027299256937822494,"d":"-0.0273"},0.0285,0.3383]
["RA","rs10774624",12,"G",{"v":-0.06790417861387281,"d":"-0.0679"},0.0174,{"v":9.313e-05,"d":"0.0001"},null,{"v":-0.06410128340658766,"d":"-0.0641"},0.0218,{"v":3.277E-3,"d":"0.0033"},null,{"v":-0.07170010416521312,"d":"-0.0717"},0.0238,{"v":0.002596,"d":"0.0026"}]
["RA","rs10175798",2,"A",{"v":0.003503854326676929,"d":"0.0035"},0.0177,0.8454,null,{"v":0.006598184028227124,"d":"0.0066"},0.0219,0.7645,null,{"v":-0.005002491622791487,"d":"-0.0050"},0.0247,0.8391]
["RA","rs10028001",4,"T",{"v":0.01250152922292523,"d":"0.0125"},0.0175,0.4741,null,{"v":0.025102284760828375,"d":"0.0251"},{"v":0.022,"d":"0.0220"},{"v":0.254,"d":"0.2540"},null,{"v":6.9975511427326493E-4,"d":"0.0007"},0.0239,0.9773]
["Abbreviations: SNP, single nucleotide polymorphism; RA, rheumatoid arthritis; IBD, inflammatory bowel disease; UC, ulcerative colitis; CD,Crohn’s disease."]

{"sheet":"eTable3","index":2,"n_rows":41,"n_cols":14,"rows_kept":41,"merged":[[0,0,0,13],[40,0,41,13]]}
["eTable3.Genome-wide Association Studies and Detailed Information of Single Nucleotide Polymorphisms Used as Instrument Variable in the Mendelian Randomization Analysis of IBD, UC and CD in Relation to RA."]
["Traits","SNP","Ethnics ","Chr","Position","Nearsest gene","EA","EAF","BETA","SE","P value","Sample size","Variance Explained","F stastistic"]
["CD","rs11681525","Trans-ethnic",2,145492382,"-","C",{"v":0.08806,"d":"0.09"},-0.15082289,0.023747557,{"v":4.08e-11,"d":"4.08E-11"},62192,{"$f":"(I3^2)/(J3^2*(L3-2)+I3^2)","v":{"v":6.4817830487782244E-4,"d":"0.000648"}},{"$f":"I3^2/J3^2","v":{"v":40.336353929866995,"d":"40.336"}}]
["CD","rs1748195","Trans-ethnic",1,63049593,"USP1","C",{"v":0.3299,"d":"0.33"},0.067658648,0.014308537,{"v":7.13e-08,"d":"7.13E-08"},62192,{"$f":"(I4^2)/(J4^2*(L4-2)+I4^2)","v":{"v":3.5940117927527266E-4,"d":"0.000359"}},{"$f":"I4^2/J4^2","v":{"v":22.359195260273395,"d":"22.359"}}]
["CD","rs724016","Trans-ethnic",3,141105570,"-","A",{"v":0.4413,"d":"0.44"},0.058268908,0.011978822,{"v":3.36E-6,"d":"3.36E-06"},62192,{"v":3.8032928953730336E-4,"d":"0.000380"},{"v":23.66167774541107,"d":"23.662"}]
["CD","rs727563","Trans-ethnic",22,41867377,"TEF, NHP2L1, PMM1, L3MBTL2, CHADL ","T",{"v":0.2027,"d":"0.20"},0.09531018,0.013918108,1.88E-10,62192,{"v":7.5347745796997771E-4,"d":"0.000753"},{"v":46.894096755970395,"d":"46.894"}]
["CD","rs7954567","Trans-ethnic",12,6491125,"CD27,TNFRSF 1A,LTBR","A",{"v":0.3338,"d":"0.33"},0.086177696,0.014045862,{"v":1.3e-09,"d":"1.30E-09"},62192,{"v":0.000604936245474146,"d":"0.000605"},{"v":37.64375717917065,"d":"37.644"}]
["CD","rs9319943","Trans-ethnic",18,56879827,"-","T",{"v":0.1889,"d":"0.19"},0.076961041,0.014175982,{"v":9.05e-07,"d":"9.05E-07"},62192,{"v":4.7370637256591454E-4,"d":"0.000474"},{"v":29.473761218386862,"d":"29.474"}]
["CD","rs9525625","Trans-ethnic",13,43018030,"AKAP1, TFSF11","T",{"v":0.4706,"d":"0.47"},0.076961041,0.014175982,{"v":1.41e-09,"d":"1.41E-09"},62192,{"v":4.7370637256591454E-4,"d":"0.000474"},{"v":29.473761218386862,"d":"29.474"}]
["IBD","rs10798069","Trans-ethnic",1,186875459,"PTGS2,PLA2G 4A","T",{"v":0.4925,"d":"0.49"},-0.072570693,0.010973823,{"v":4.25E-9,"d":"4.25E-09"},86440,{"v":5.0568754367817832E-4,"d":"0.000506"},{"v":43.73273499979476,"d":"43.733"}]
["IBD","rs11064881","Trans-ethnic",12,120146925,"PRKAB1","A",{"v":0.07342,"d":"0.07"},0.09531018,0.01856106,{"v":5.95e-08,"d":"5.95E-08"},86440,{"v":3.0495507141456739E-4,"d":"0.000305"},{"v":26.367747441236357,"d":"26.368"}]
["IBD","rs111781203","Trans-ethnic",2,228660112,"CCL20","G",{"v":0.3364,"d":"0.34"},-0.061875404,0.010857044,2.16E-10,86440,{"v":3.7561681929405833E-4,"d":"0.000376"},{"v":32.47976657275128,"d":"32.480"}]
["IBD","rs113010081","Trans-ethnic",3,46457412,"FLJ78302,LTF, CCR1,CCR2, CCR3,CCR5","T",{"v":0.1073,"d":"0.11"},0.131028262,0.022391737,{"v":9.02e-10,"d":"9.02E-10"},86440,{"v":3.9598403295355844E-4,"d":"0.000396"},{"v":34.24162697798532,"d":"34.242"}]
["IBD","rs11583043","Trans-ethnic",1,101466054,"SLC30A, EDG1","T",{"v":0.2658,"d":"0.27"},0.076961041,0.014175982,{"v":6.05e-08,"d":"6.05E-08"},86440,{"v":3.4086529808629809E-4,"d":"0.000341"},{"v":29.473761218386862,"d":"29.474"}]
["IBD","rs13204048","Trans-ethnic",6,3420406,"-","T",{"v":0.388,"d":"0.39"},-0.072570693,0.010973823,{"v":2.89e-08,"d":"2.89E-08"},86440,{"v":5.0568754367817832E-4,"d":"0.000506"},{"v":43.73273499979476,"d":"43.733"}]
["IBD","rs17057051","Trans-ethnic",8,27227554,"PTK2B,TRIM 35,EPHX2,","A",{"v":0.3126,"d":"0.31"},-0.061875404,0.010857044,{"v":5.5e-08,"d":"5.50E-08"},86440,{"v":3.7561681929405833E-4,"d":"0.000376"},{"v":32.47976657275128,"d":"32.480"}]
["IBD","rs2073505","Trans-ethnic",4,3444503,"HGFAC","A",{"v":0.07545,"d":"0.08"},0.09531018,0.01856106,{"v":1.46e-07,"d":"1.46E-07"},86440,{"v":3.0495507141456739E-4,"d":"0.000305"},{"v":26.367747441236357,"d":"26.368"}]
["IBD","rs2538470","Trans-ethnic",7,148220448,"CNTNAP2","A",{"v":0.3622,"d":"0.36"},0.067658648,0.009537636,{"v":3E-11,"d":"3.00E-11"},86440,{"v":5.8184548336491222E-4,"d":"0.000582"},{"v":50.32284000826519,"d":"50.323"}]
["IBD","rs3116494","Trans-ethnic",2,204592021,"ICOS,CD28,CT LA4","A",{"v":0.2539,"d":"0.25"},0.076961041,0.014175982,{"v":1.3E-7,"d":"1.30E-07"},86440,{"v":3.4086529808629809E-4,"d":"0.000341"},{"v":29.473761218386862,"d":"29.474"}]
["IBD","rs34856868","Trans-ethnic",1,92554283,"BTBD8","A",{"v":0.03159,"d":"0.03"},-0.198450939,0.034064131,{"v":9.8e-09,"d":"9.80E-09"},86440,{"v":3.9249712994558159E-4,"d":"0.000392"},{"v":33.939988266221064,"d":"33.940"}]
["IBD","rs35320439","Trans-ethnic",2,242737341,"PDCD1,ATG4B","T",{"v":0.3104,"d":"0.31"},0.086177696,0.014045862,9.89E-10,86440,{"v":4.3531051685342882E-4,"d":"0.000435"},{"v":37.64375717917065,"d":"37.644"}]
["IBD","rs3740415","Trans-ethnic",10,104232716,"NFKB2, TRIM8, TMEM180","A",{"v":0.4663,"d":"0.47"},-0.051293294,0.010742726,{"v":1.03E-7,"d":"1.03E-07"},86440,{"v":2.6367742178807937E-4,"d":"0.000264"},{"v":22.797760239160404,"d":"22.798"}]
["IBD","rs3853824","Trans-ethnic",17,54880993,"-","T",{"v":0.3615,"d":"0.36"},-0.083381609,0.011093141,{"v":1.17e-10,"d":"1.17E-10"},86440,{"v":6.5319521561641553E-4,"d":"0.000653"},{"v":56.49779213496718,"d":"56.498"}]
["IBD","rs395157","Trans-ethnic",5,38867732,"OSMR,FYB, LIFR","T",{"v":0.4842,"d":"0.48"},0.09531018,0.00927746,2.22E-20,86440,{"v":1.2195110466541289E-3,"d":"0.001220"},{"v":105.54080402707336,"d":"105.541"}]
["IBD","rs4664304","Trans-ethnic",2,160794008,"MARCH7,LY75,PLA2R1","A",{"v":0.4379,"d":"0.44"},0.058268908,0.009627635,{"v":2.61e-08,"d":"2.61E-08"},86440,{"v":4.2359011111157692E-4,"d":"0.000424"},{"v":36.62979804448615,"d":"36.630"}]
["IBD","rs4692386","Trans-ethnic",4,26132361,"-","T",{"v":0.407,"d":"0.41"},-0.061875404,0.010857044,{"v":1.21e-08,"d":"1.21E-08"},86440,{"v":3.7561681929405833E-4,"d":"0.000376"},{"v":32.47976657275128,"d":"32.480"}]
["IBD","rs4703855","Trans-ethnic",5,71693899,"-","T",{"v":0.2998,"d":"0.30"},-0.072570693,0.010973823,{"v":7.16e-11,"d":"7.16E-11"},86440,{"v":5.0568754367817832E-4,"d":"0.000506"},{"v":43.73273499979476,"d":"43.733"}]
["IBD","rs564349","Trans-ethnic",5,172324978,"C5orf4, DUSP1 ","A",{"v":0.3183,"d":"0.32"},0.058268908,0.009627635,{"v":1.54E-7,"d":"1.54E-07"},86440,{"v":4.2359011111157692E-4,"d":"0.000424"},{"v":36.62979804448615,"d":"36.630"}]
["IBD","rs6025","Trans-ethnic",1,169519049,"SELP,SELE,SE LL","T",{"v":0.02941,"d":"0.03"},-0.174353387,0.030405234,{"v":2.51E-8,"d":"2.51E-08"},86440,{"v":3.8027185708911193E-4,"d":"0.000380"},{"v":32.88244305075319,"d":"32.882"}]
["IBD","rs653178","Trans-ethnic",12,112007756,"SH2B3, ALDH2,ATXN 2","T",{"v":0.4942,"d":"0.49"},0.058268908,0.009627635,{"v":1.11E-8,"d":"1.11E-08"},86440,{"v":4.2359011111157692E-4,"d":"0.000424"},{"v":36.62979804448615,"d":"36.630"}]
["IBD","rs6856616","Trans-ethnic",4,38325036,"-","T",{"v":0.06662,"d":"0.07"},0.09531018,0.01856106,{"v":9.72e-07,"d":"9.72E-07"},86440,{"v":3.0495507141456739E-4,"d":"0.000305"},{"v":26.367747441236357,"d":"26.368"}]
["IBD","rs7011507","Trans-ethnic",8,49129242,"-","A",{"v":0.1233,"d":"0.12"},-0.105360516,0.017013106,{"v":6.4e-08,"d":"6.40E-08"},86440,{"v":4.4349752563720943E-4,"d":"0.000443"},{"v":38.35204815949096,"d":"38.352"}]
["IBD","rs7236492","Trans-ethnic",18,77220616,"NFATC1, TST","T",{"v":0.1537,"d":"0.15"},-0.094310679,0.016826012,{"v":9.09e-09,"d":"9.09E-09"},86440,{"v":3.6332629125406364E-4,"d":"0.000363"},{"v":31.416612444702054,"d":"31.417"}]
["IBD","rs7555082","Trans-ethnic",1,198598663,"PTPRC","A",{"v":0.1069,"d":"0.11"},0.122217633,0.018067871,{"v":1.47e-10,"d":"1.47E-10"},86440,{"v":0.000529077422031684,"d":"0.000529"},{"v":45.75660299112618,"d":"45.757"}]
["IBD","rs7758080","Trans-ethnic",6,149577079,"MAP3K7IP2","A",{"v":0.2694,"d":"0.27"},0.076961041,0.014175982,{"v":7.27e-09,"d":"7.27E-09"},86440,{"v":3.4086529808629809E-4,"d":"0.000341"},{"v":29.473761218386862,"d":"29.474"}]
["IBD","rs7773324","Trans-ethnic",6,382559,"IRF4,DUSP22","A",{"v":0.3998,"d":"0.40"},-0.083381609,0.011093141,{"v":1.06e-09,"d":"1.06E-09"},86440,{"v":6.5319521561641553E-4,"d":"0.000653"},{"v":56.49779213496718,"d":"56.498"}]
["UC","rs1077773","Trans-ethnic",7,17442679,"AHR","A",{"v":0.4762,"d":"0.48"},-0.072570693,0.010973823,{"v":5.96e-09,"d":"5.96E-09"},64826,{"v":6.7418319025351853E-4,"d":"0.000674"},{"v":43.73273499979476,"d":"43.733"}]
["UC","rs17736589","Trans-ethnic",17,76737118,"-","A",{"v":0.2075,"d":"0.21"},0.086177696,0.014045862,{"v":4.34e-08,"d":"4.34E-08"},64826,{"v":0.000580370076960994,"d":"0.000580"},{"v":37.64375717917065,"d":"37.644"}]
["UC","rs2189234","Trans-ethnic",4,106075498,"-","T",{"v":0.3692,"d":"0.37"},0.076961041,0.014175982,1.95E-10,64826,{"v":4.5446696235432535E-4,"d":"0.000454"},{"v":29.473761218386862,"d":"29.474"}]
["UC","rs616597","Trans-ethnic",3,101569726,"NFKBIZ","A",{"v":0.2261,"d":"0.23"},-0.072570693,0.016463908,{"v":9.34e-06,"d":"9.34E-06"},64826,{"v":2.9963373283990676E-4,"d":"0.000300"},{"v":19.42927876493684,"d":"19.429"}]
["Abbreviations: RA, rheumatoid arthritis; IBD, inflammatory bowel disease; UC, ulcerative colitis; CD, Crohn’s disease; SNP, single nucleotide polymorphism; EA, effect allele; EAF, effect allele frequency; SE, standard error."]

{"sheet":"eTable4","index":3,"n_rows":40,"n_cols":7,"rows_kept":40,"merged":[[0,0,0,6],[1,0,2,0],[1,1,2,1],[1,2,2,2],[1,3,2,3],[1,4,1,6],[39,0,40,6]]}
["eTable4.Summary Statistics for Association Between SNPs Related with IBD, UC, CD and RA."]
["Disease","SNP","Chr","EA","               RA result                   "]
[{"$nulls":4},"Beta","SE","P"]
["CD","rs9525625",13,"T",{"v":0.048790164,"d":"0.0488"},{"v":0.014581228,"d":"0.0146"},{"v":0.00037,"d":"0.0004"}]
["CD","rs9319943",18,"T",{"v":-0.010050336,"d":"-0.0101"},{"v":0.018136715,"d":"0.0181"},{"v":0.4,"d":"0.4000"}]
["CD","rs7954567",12,"A",{"v":0,"d":"0.0000"},{"v":0.022860245,"d":"0.0229"},{"v":0.92,"d":"0.9200"}]
["CD","rs727563",22,"T",{"v":0.029558802,"d":"0.0296"},{"v":0.017259859,"d":"0.0173"},{"v":0.032,"d":"0.0320"}]
["CD","rs724016",3,"A",{"v":-0.020202707,"d":"-0.0202"},{"v":0.012952124,"d":"0.0130"},{"v":0.15,"d":"0.1500"}]
["CD","rs1748195",1,"G",{"v":-0.010050336,"d":"-0.0101"},{"v":0.015465465,"d":"0.0155"},{"v":0.42,"d":"0.4200"}]
["CD","rs11681525",2,"G",{"v":-0.010050336,"d":"-0.0101"},{"v":0.025789826,"d":"0.0258"},{"v":0.66,"d":"0.6600"}]
["IBD","rs7773324",6,"A",{"v":0.067658648,"d":"0.0677"},{"v":0.019081942,"d":"0.0191"},{"v":2.9E-4,"d":"0.0003"}]
["IBD","rs7758080",6,"A",{"v":0,"d":"0.0000"},{"v":0.012694263,"d":"0.0127"},{"v":0.79,"d":"0.7900"}]
["IBD","rs7555082",1,"A",{"v":-0.094310679,"d":"-0.0943"},{"v":0.025390203,"d":"0.0254"},{"v":1.1E-4,"d":"0.0001"}]
["IBD","rs7236492",18,"T",{"v":0.019802627,"d":"0.0198"},{"v":0.022413611,"d":"0.0224"},{"v":0.33,"d":"0.3300"}]
["IBD","rs7011507",8,"A",{"v":0.009950331,"d":"0.0100"},{"v":0.022634723,"d":"0.0226"},{"v":0.51,"d":"0.5100"}]
["IBD","rs6856616",4,"T",{"v":0,"d":"0.0000"},{"v":0.020419058,"d":"0.0204"},{"v":0.94,"d":"0.9400"}]
["IBD","rs653178",12,"T",{"v":-0.083381609,"d":"-0.0834"},{"v":0.013792658,"d":"0.0138"},{"v":5.5e-07,"d":"0.0000"}]
["IBD","rs6025",1,"T",{"v":0.009950331,"d":"0.0100"},{"v":0.047893271,"d":"0.0479"},{"v":0.88,"d":"0.8800"}]
["IBD","rs564349",5,"A",{"v":0.009950331,"d":"0.0100"},{"v":0.015159036,"d":"0.0152"},{"v":0.37,"d":"0.3700"}]
["IBD","rs4703855",5,"T",{"v":-0.040821995,"d":"-0.0408"},{"v":0.013220681,"d":"0.0132"},0.0054]
["IBD","rs4692386",4,"T",{"v":-0.040821995,"d":"-0.0408"},{"v":0.013220681,"d":"0.0132"},{"v":0.008,"d":"0.0080"}]
["IBD","rs4664304",2,"A",{"v":0,"d":"0.0000"},{"v":0.012694263,"d":"0.0127"},{"v":0.75,"d":"0.7500"}]
["IBD","rs395157",5,"T",{"v":-0.010050336,"d":"-0.0101"},{"v":0.015465465,"d":"0.0155"},{"v":0.43,"d":"0.4300"}]
["IBD","rs3853824",17,"T",{"v":0.019802627,"d":"0.0198"},{"v":0.015010332,"d":"0.0150"},{"v":0.18,"d":"0.1800"}]
["IBD","rs3740415",10,"A",{"v":0,"d":"0.0000"},{"v":0.015310717,"d":"0.0153"},{"v":0.91,"d":"0.9100"}]
["IBD","rs35320439",2,"T",{"v":0,"d":"0.0000"},{"v":0.033044401,"d":"0.0330"},{"v":0.98,"d":"0.9800"}]
["IBD","rs34856868",1,"A",{"v":-0.020202707,"d":"-0.0202"},{"v":0.069653195,"d":"0.0697"},{"v":0.82,"d":"0.8200"}]
["IBD","rs3116494",2,"A",{"v":-0.083381609,"d":"-0.0834"},{"v":0.01664299,"d":"0.0166"},{"v":4.3e-07,"d":"0.0000"}]
["IBD","rs2538470",7,"A",{"v":0,"d":"0.0000"},{"v":0.012694263,"d":"0.0127"},{"v":0.76,"d":"0.7600"}]
["IBD","rs2073505",4,"A",{"v":-0.010050336,"d":"-0.0101"},{"v":0.028231012,"d":"0.0282"},{"v":0.76,"d":"0.7600"}]
["IBD","rs13204048",6,"T",{"v":0.019802627,"d":"0.0198"},{"v":0.012569145,"d":"0.0126"},{"v":0.25,"d":"0.2500"}]
["IBD","rs11583043",1,"T",{"v":-0.010050336,"d":"-0.0101"},{"v":0.015465465,"d":"0.0155"},{"v":0.37,"d":"0.3700"}]
["IBD","rs113010081",3,"A",{"v":-0.020202707,"d":"-0.0202"},{"v":0.031276103,"d":"0.0313"},{"v":0.56,"d":"0.5600"}]
["IBD","rs111781203",2,"T",{"v":0,"d":"0.0000"},{"v":0.012694263,"d":"0.0127"},{"v":0.81,"d":"0.8100"}]
["IBD","rs11064881",12,"A",-0.0202,0.0313,{"v":0.56,"d":"0.5600"}]
["UC","rs1077773",7,"A",{"v":0.019802627,"d":"0.0198"},{"v":0.01244647,"d":"0.0124"},{"v":0.098,"d":"0.0980"}]
["UC","rs616597",3,"A",{"v":0.009950331,"d":"0.0100"},{"v":0.015159036,"d":"0.0152"},{"v":0.46,"d":"0.4600"}]
["UC","rs2189234",4,"T",{"v":-0.010050336,"d":"-0.0101"},{"v":0.015465465,"d":"0.0155"},{"v":0.5,"d":"0.5000"}]
["UC","rs17736589",17,"A",{"v":0.019802627,"d":"0.0198"},{"v":0.017600222,"d":"0.0176"},{"v":0.41,"d":"0.4100"}]
["Abbreviations: SNP, single nucleotide polymorphism; RA, rheumatoid arthritis; IBD, inflammatory bowel disease; UC, ulcerative colitis; CD,Crohn’s disease."]

{"sheet":"eTable5","index":4,"n_rows":95,"n_cols":9,"rows_kept":95,"merged":[[0,0,0,8],[1,1,1,2],[1,4,1,5],[1,7,1,8],[94,0,94,8]]}
["eTable5.Odds Ratios of  IBD, UC and CD Per Each 1 Unit Log Odds Increments in RA Based on MR Using the Liberal Set of 91 RA-Associated Variants in a Leave-1-Out Approach."]
[null,"                    IBD results                         ",null,null,"                    UC results                         ",null,null,"                    CD results                            "]
["Excluded SNP","OR(95%CI)","P Value",null,"OR(95%CI)","P Value",null,"OR(95%CI)","P Value"]
["rs998731","1.13(1.05,1.22)",{"v":0.00121848506644005,"d":"0.0012"},null,"1.16(1.08,1.26)",{"v":8.93824749615191e-05,"d":"0.0001"},null,"1.08(0.97,1.20)",{"v":0.140302855345733,"d":"0.1403"}]
["rs9826828","1.13(1.04,1.21)",{"v":0.00205477891429937,"d":"0.0021"},null,"1.16(1.07,1.25)",{"v":0.000183202392767437,"d":"0.0002"},null,"1.08(0.97,1.20)",{"v":0.157084881164303,"d":"0.1571"}]
["rs968567","1.13(1.05,1.22)",{"v":0.00140470519689396,"d":"0.0014"},null,"1.16(1.07,1.25)",{"v":1.47365063772209E-4,"d":"0.0001"},null,"1.09(0.98,1.21)",{"v":0.116109867562131,"d":"0.1161"}]
["rs9653442","1.12(1.04,1.21)",{"v":0.00262470578561765,"d":"0.0026"},null,"1.15(1.07,1.24)",{"v":0.000300840027848396,"d":"0.0003"},null,"1.08(0.97,1.20)",{"v":0.143379722602177,"d":"0.1434"}]
["rs9603616","1.12(1.04,1.21)",{"v":3.02267616772375E-3,"d":"0.0030"},null,"1.15(1.07,1.24)",{"v":2.73257511050334E-4,"d":"0.0003"},null,"1.08(0.97,1.20)",{"v":0.179474117696945,"d":"0.1795"}]
["rs947474","1.12(1.04,1.21)",{"v":0.00233237339818579,"d":"0.0023"},null,"1.16(1.07,1.25)",{"v":0.00017117118660459,"d":"0.0002"},null,"1.07(0.97,1.20)",{"v":0.181276539341337,"d":"0.1813"}]
["rs9378815","1.12(1.04,1.21)",{"v":0.00243164590231337,"d":"0.0024"},null,"1.16(1.07,1.25)",{"v":0.000207249484358143,"d":"0.0002"},null,"1.07(0.97,1.19)",{"v":0.182256411183562,"d":"0.1823"}]
["rs9373594","1.13(1.05,1.22)",{"v":0.00118904558505521,"d":"0.0012"},null,"1.17(1.08,1.26)",{"v":4.94699018308257e-05,"d":"0.0000"},null,"1.08(0.97,1.20)",{"v":0.147652600028525,"d":"0.1477"}]
["rs9372120","1.13(1.05,1.22)",{"v":0.00154295957381095,"d":"0.0015"},null,"1.16(1.08,1.26)",{"v":9.56632967658564e-05,"d":"0.0001"},null,"1.08(0.97,1.20)",{"v":0.159300477985545,"d":"0.1593"}]
["rs909685","1.12(1.04,1.21)",{"v":3.04266090934804E-3,"d":"0.0030"},null,"1.15(1.07,1.25)",{"v":2.65752448154008E-4,"d":"0.0003"},null,"1.07(0.97,1.19)",{"v":0.189140459417203,"d":"0.1891"}]
["rs8133843","1.13(1.05,1.22)",{"v":1.74049655248673E-3,"d":"0.0017"},null,"1.16(1.07,1.25)",{"v":0.000159528091060488,"d":"0.0002"},null,"1.08(0.97,1.20)",{"v":0.14881607681008,"d":"0.1488"}]
["rs8083786","1.12(1.04,1.2)",{"v":0.00345786970794594,"d":"0.0035"},null,"1.16(1.07,1.25)",{"v":0.000225170413359961,"d":"0.0002"},null,"1.06(0.96,1.17)",{"v":0.25761245386283,"d":"0.2576"}]
["rs8032939","1.12(1.04,1.21)",{"v":2.52922606930003E-3,"d":"0.0025"},null,"1.16(1.08,1.26)",{"v":1.16100217336362E-4,"d":"0.0001"},null,"1.07(0.96,1.19)",{"v":0.222220482228765,"d":"0.2222"}]
["rs8026898","1.13(1.05,1.22)",{"v":0.00111807994289865,"d":"0.0011"},null,"1.16(1.08,1.26)",{"v":1.01220672797348E-4,"d":"0.0001"},null,"1.09(0.98,1.21)",{"v":0.125595681635994,"d":"0.1256"}]
["rs793108","1.13(1.05,1.22)",{"v":1.59444617668396E-3,"d":"0.0016"},null,"1.16(1.07,1.25)",{"v":1.47298444601657E-4,"d":"0.0001"},null,"1.09(0.98,1.21)",{"v":0.122773320593775,"d":"0.1228"}]
["rs7752903","1.13(1.05,1.22)",{"v":0.00148392139443046,"d":"0.0015"},null,"1.16(1.08,1.25)",{"v":0.000126227756341202,"d":"0.0001"},null,"1.08(0.97,1.21)",{"v":0.139120974947304,"d":"0.1391"}]
["rs7731626","1.12(1.04,1.21)",{"v":0.00281034779827849,"d":"0.0028"},null,"1.16(1.07,1.25)",{"v":1.63325946531053E-4,"d":"0.0002"},null,"1.07(0.96,1.19)",{"v":0.217243476934586,"d":"0.2172"}]
["rs773125","1.13(1.04,1.21)",{"v":0.00206752812285742,"d":"0.0021"},null,"1.16(1.07,1.25)",{"v":1.72257138190711E-4,"d":"0.0002"},null,"1.08(0.97,1.20)",{"v":0.161792565212547,"d":"0.1618"}]
["rs73194058","1.13(1.05,1.22)",{"v":0.00156481364570942,"d":"0.0016"},null,"1.16(1.08,1.25)",{"v":1.25358734903611E-4,"d":"0.0001"},null,"1.08(0.97,1.20)",{"v":0.145775997421004,"d":"0.1458"}]
["rs73081554","1.13(1.04,1.21)",{"v":0.00195285885339524,"d":"0.0020"},null,"1.16(1.08,1.25)",{"v":0.000137518889208349,"d":"0.0001"},null,"1.08(0.97,1.20)",{"v":0.162271614786461,"d":"0.1623"}]
["rs73013527","1.13(1.05,1.22)",{"v":0.00172562220090622,"d":"0.0017"},null,"1.16(1.07,1.25)",{"v":0.000153211235429827,"d":"0.0002"},null,"1.08(0.98,1.21)",{"v":0.132972450875728,"d":"0.1330"}]
["rs72717009","1.12(1.04,1.21)",{"v":0.00216422383358868,"d":"0.0022"},null,"1.16(1.07,1.25)",{"v":0.000204644792810984,"d":"0.0002"},null,"1.08(0.97,1.20)",{"v":0.153903959720676,"d":"0.1539"}]
["rs72634030","1.13(1.05,1.21)",{"v":1.79824804915963E-3,"d":"0.0018"},null,"1.16(1.07,1.25)",{"v":0.000157888872781354,"d":"0.0002"},null,"1.08(0.97,1.20)",{"v":0.145948530950188,"d":"0.1459"}]
["rs726288","1.13(1.04,1.21)",{"v":0.00192994576452585,"d":"0.0019"},null,"1.16(1.07,1.25)",{"v":0.000169007249339684,"d":"0.0002"},null,"1.08(0.97,1.20)",{"v":0.156025696538577,"d":"0.1560"}]
["rs71508903","1.12(1.04,1.21)",{"v":3.11062454230915E-3,"d":"0.0031"},null,"1.15(1.07,1.24)",{"v":0.000334507114583628,"d":"0.0003"},null,"1.08(0.97,1.20)",{"v":0.166943374097257,"d":"0.1669"}]
["rs706778","1.12(1.04,1.21)",{"v":0.00282086929389044,"d":"0.0028"},null,"1.15(1.07,1.24)",{"v":0.000266729066960106,"d":"0.0003"},null,"1.08(0.97,1.20)",{"v":0.171763249054066,"d":"0.1718"}]
["rs678347","1.13(1.04,1.21)",{"v":2.11031388702458E-3,"d":"0.0021"},null,"1.16(1.07,1.25)",{"v":0.000167687388335605,"d":"0.0002"},null,"1.08(0.97,1.20)",{"v":0.163939676569105,"d":"0.1639"}]
["rs6732565","1.13(1.04,1.21)",{"v":0.00202239827177059,"d":"0.0020"},null,"1.16(1.07,1.25)",{"v":0.000171379375995439,"d":"0.0002"},null,"1.08(0.97,1.20)",{"v":0.1545057186175,"d":"0.1545"}]
["rs67250450","1.13(1.05,1.22)",{"v":1.41407772332958E-3,"d":"0.0014"},null,"1.16(1.07,1.25)",{"v":0.00017012032168536,"d":"0.0002"},null,"1.09(0.98,1.21)",{"v":0.125261816797244,"d":"0.1253"}]
["rs6715284","1.12(1.04,1.21)",{"v":0.00256659034897062,"d":"0.0026"},null,"1.16(1.07,1.25)",{"v":0.00021710886276386,"d":"0.0002"},null,"1.08(0.97,1.20)",{"v":0.164716038718689,"d":"0.1647"}]
["rs657075","1.13(1.05,1.21)",{"v":0.00177408631713202,"d":"0.0018"},null,"1.16(1.07,1.25)",{"v":1.67764068222403E-4,"d":"0.0002"},null,"1.08(0.97,1.20)",{"v":0.139841876928681,"d":"0.1398"}]
["rs6479800","1.13(1.04,1.21)",{"v":0.00200450659071423,"d":"0.0020"},null,"1.16(1.08,1.25)",{"v":1.38047193457616E-4,"d":"0.0001"},null,"1.08(0.97,1.20)",{"v":0.174098789059035,"d":"0.1741"}]
["rs624988","1.12(1.04,1.21)",{"v":0.00223301831315626,"d":"0.0022"},null,"1.16(1.07,1.25)",{"v":0.000199289219703183,"d":"0.0002"},null,"1.08(0.97,1.20)",{"v":0.167804957224141,"d":"0.1678"}]
["rs508970","1.12(1.04,1.21)",{"v":2.4935702743571E-3,"d":"0.0025"},null,"1.15(1.07,1.25)",{"v":2.17809468556413E-4,"d":"0.0002"},null,"1.08(0.97,1.20)",{"v":0.171633532628098,"d":"0.1716"}]
["rs4780401","1.13(1.05,1.22)",{"v":1.58712234094052E-3,"d":"0.0016"},null,"1.16(1.08,1.25)",{"v":9.56508884544045e-05,"d":"0.0001"},null,"1.08(0.97,1.20)",{"v":0.161625707988368,"d":"0.1616"}]
["rs4656942","1.13(1.05,1.21)",{"v":0.0017622116472569,"d":"0.0018"},null,"1.16(1.07,1.25)",{"v":0.000131359396730385,"d":"0.0001"},null,"1.08(0.97,1.20)",{"v":0.150760487902026,"d":"0.1508"}]
["rs45475795","1.12(1.04,1.21)",{"v":2.44223408031212E-3,"d":"0.0024"},null,"1.16(1.07,1.25)",{"v":0.000209070280169733,"d":"0.0002"},null,"1.08(0.97,1.20)",{"v":0.169761140848766,"d":"0.1698"}]
["rs4452313","1.13(1.05,1.22)",{"v":1.74038643385814E-3,"d":"0.0017"},null,"1.16(1.08,1.25)",{"v":1.13473754178919E-4,"d":"0.0001"},null,"1.08(0.97,1.20)",{"v":0.161787778967262,"d":"0.1618"}]
["rs4409785","1.13(1.05,1.22)",{"v":1.07701967654916E-3,"d":"0.0011"},null,"1.16(1.08,1.26)",{"v":9.89597691990847e-05,"d":"0.0001"},null,"1.09(0.98,1.21)",{"v":0.12726058287416,"d":"0.1273"}]
["rs4272","1.13(1.05,1.22)",{"v":1.72695661323219E-3,"d":"0.0017"},null,"1.16(1.07,1.25)",{"v":1.56267018905679E-4,"d":"0.0002"},null,"1.08(0.97,1.20)",{"v":0.139778954304154,"d":"0.1398"}]
["rs4239702","1.14(1.06,1.22)",{"v":0.000722350272398337,"d":"0.0007"},null,"1.17(1.08,1.26)",{"v":7.86290489672184e-05,"d":"0.0001"},null,"1.09(0.98,1.21)",{"v":0.0995152902527601,"d":"0.0995"}]
["rs3824660","1.12(1.04,1.21)",{"v":0.00274793524482547,"d":"0.0027"},null,"1.15(1.07,1.24)",{"v":0.000240968371943918,"d":"0.0002"},null,"1.08(0.97,1.20)",{"v":0.177497963505332,"d":"0.1775"}]
["rs3806624","1.12(1.04,1.21)",{"v":2.18694810184741E-3,"d":"0.0022"},null,"1.16(1.07,1.25)",{"v":1.72666325944607E-4,"d":"0.0002"},null,"1.08(0.97,1.20)",{"v":0.166515204775017,"d":"0.1665"}]
["rs3783782","1.13(1.04,1.21)",{"v":1.86908323485446E-3,"d":"0.0019"},null,"1.16(1.07,1.25)",{"v":0.000167839313915894,"d":"0.0002"},null,"1.08(0.97,1.20)",{"v":0.149295447045332,"d":"0.1493"}]
["rs34695944","1.12(1.04,1.21)",{"v":0.00267230199364686,"d":"0.0027"},null,"1.15(1.07,1.24)",{"v":0.000331669199850016,"d":"0.0003"},null,"1.08(0.97,1.21)",{"v":0.136411449458638,"d":"0.1364"}]
["rs34536443","1.12(1.04,1.20)",{"v":0.00346653153611722,"d":"0.0035"},null,"1.16(1.07,1.25)",{"v":0.000202944904064321,"d":"0.0002"},null,"1.06(0.96,1.18)",{"v":0.239939603161291,"d":"0.2399"}]
["rs331463","1.13(1.05,1.22)",{"v":1.09736405503363E-3,"d":"0.0011"},null,"1.17(1.08,1.26)",{"v":6.1885726085149e-05,"d":"0.0001"},null,"1.08(0.97,1.20)",{"v":0.143653786716202,"d":"0.1437"}]
["rs3218251","1.12(1.04,1.21)",{"v":0.00211822586392453,"d":"0.0021"},null,"1.16(1.07,1.25)",{"v":0.00016317858222506,"d":"0.0002"},null,"1.08(0.97,1.20)",{"v":0.170134142660019,"d":"0.1701"}]
["rs3087243","1.13(1.04,1.21)",{"v":0.00210128041023253,"d":"0.0021"},null,"1.16(1.07,1.25)",{"v":1.49008323433926E-4,"d":"0.0001"},null,"1.08(0.97,1.20)",{"v":0.183217735243927,"d":"0.1832"}]
["rs28411352","1.13(1.04,1.21)",{"v":1.9591660980228E-3,"d":"0.0020"},null,"1.16(1.07,1.25)",{"v":0.000156477520986627,"d":"0.0002"},null,"1.08(0.97,1.20)",{"v":0.161873921436826,"d":"0.1619"}]
["rs2736337","1.13(1.05,1.22)",{"v":1.68205685091691E-3,"d":"0.0017"},null,"1.16(1.08,1.26)",{"v":9.5384334009691e-05,"d":"0.0001"},null,"1.08(0.97,1.20)",{"v":0.166844586787652,"d":"0.1668"}]
["rs2671692","1.12(1.04,1.21)",{"v":0.00215870450885572,"d":"0.0022"},null,"1.16(1.07,1.25)",{"v":0.00018689812467423,"d":"0.0002"},null,"1.08(0.97,1.20)",{"v":0.156868442297465,"d":"0.1569"}]
["rs2664035","1.13(1.05,1.21)",{"v":1.82909898563772E-3,"d":"0.0018"},null,"1.16(1.08,1.25)",{"v":0.000136692292535636,"d":"0.0001"},null,"1.08(0.97,1.20)",{"v":0.162906426626073,"d":"0.1629"}]
["rs2582532","1.13(1.04,1.21)",{"v":0.00187867525407598,"d":"0.0019"},null,"1.16(1.07,1.25)",{"v":1.53742912505627E-4,"d":"0.0002"},null,"1.08(0.97,1.20)",{"v":0.149888655173539,"d":"0.1499"}]
["rs2561477","1.13(1.04,1.21)",{"v":2.01214444293136E-3,"d":"0.0020"},null,"1.16(1.07,1.25)",{"v":0.000178923986322565,"d":"0.0002"},null,"1.08(0.97,1.20)",{"v":0.150407428277532,"d":"0.1504"}]
["rs2476601","1.17(1.08,1.26)",{"v":0.000132586523012475,"d":"0.0001"},null,"1.16(1.07,1.27)",{"v":0.000328030292872004,"d":"0.0003"},null,"1.16(1.04,1.29)",{"v":0.00798597742000744,"d":"0.0080"}]
["rs2469434","1.12(1.04,1.21)",{"v":2.43226674619588E-3,"d":"0.0024"},null,"1.16(1.07,1.25)",{"v":0.000182456478436318,"d":"0.0002"},null,"1.08(0.97,1.19)",{"v":0.179011495756969,"d":"0.1790"}]
["rs2451258","1.13(1.05,1.22)",{"v":0.000960997147901111,"d":"0.0010"},null,"1.16(1.07,1.25)",{"v":1.45337220079594E-4,"d":"0.0001"},null,"1.09(0.99,1.21)",{"v":0.0832974398556301,"d":"0.0833"}]
["rs2317230","1.13(1.05,1.21)",{"v":1.87145657117283E-3,"d":"0.0019"},null,"1.16(1.07,1.25)",{"v":0.000138757818603329,"d":"0.0001"},null,"1.08(0.97,1.20)",{"v":0.16409283112492,"d":"0.1641"}]
["rs2301888","1.13(1.04,1.22)",{"v":0.00195194917920501,"d":"0.0020"},null,"1.16(1.08,1.26)",{"v":1.15535918918664E-4,"d":"0.0001"},null,"1.08(0.97,1.20)",{"v":0.168995933979609,"d":"0.1690"}]
["rs227163","1.12(1.04,1.21)",{"v":0.00216274205698028,"d":"0.0022"},null,"1.16(1.07,1.25)",{"v":0.00017998487022663,"d":"0.0002"},null,"1.08(0.97,1.20)",{"v":0.162624379362091,"d":"0.1626"}]
["rs2236668","1.12(1.04,1.21)",{"v":0.00248166960520181,"d":"0.0025"},null,"1.15(1.07,1.25)",{"v":2.09049498296497E-4,"d":"0.0002"},null,"1.08(0.97,1.19)",{"v":0.177318506551283,"d":"0.1773"}]
["rs2234067","1.13(1.04,1.21)",{"v":0.00193853445124827,"d":"0.0019"},null,"1.15(1.07,1.25)",{"v":2.3799421740327E-4,"d":"0.0002"},null,"1.09(0.98,1.21)",{"v":0.124901840685688,"d":"0.1249"}]
["rs2233424","1.13(1.05,1.22)",{"v":1.38844070712226E-3,"d":"0.0014"},null,"1.16(1.08,1.26)",{"v":8.94005814765158E-5,"d":"0.0001"},null,"1.08(0.97,1.20)",{"v":0.149977614285437,"d":"0.1500"}]
["rs2228145","1.12(1.04,1.21)",{"v":0.00215217003899697,"d":"0.0022"},null,"1.16(1.07,1.25)",{"v":1.43005052209231E-4,"d":"0.0001"},null,"1.07(0.97,1.19)",{"v":0.189232995018703,"d":"0.1892"}]
["rs2105325","1.13(1.05,1.22)",{"v":0.00117982692761397,"d":"0.0012"},null,"1.16(1.08,1.26)",{"v":8.68736694897092e-05,"d":"0.0001"},null,"1.09(0.98,1.21)",{"v":0.1261676283984,"d":"0.1262"}]
["rs1980422","1.12(1.04,1.21)",{"v":3.04882332798237E-3,"d":"0.0030"},null,"1.15(1.07,1.24)",{"v":0.000294267380796287,"d":"0.0003"},null,"1.08(0.97,1.20)",{"v":0.177269901147843,"d":"0.1773"}]
["rs1950897","1.12(1.04,1.21)",{"v":2.51749502089344E-3,"d":"0.0025"},null,"1.16(1.07,1.25)",{"v":2.02913986595314E-4,"d":"0.0002"},null,"1.08(0.97,1.20)",{"v":0.168487493041878,"d":"0.1685"}]
["rs1893592","1.12(1.04,1.21)",{"v":0.00266898870968647,"d":"0.0027"},null,"1.15(1.07,1.25)",{"v":0.000245063975169309,"d":"0.0002"},null,"1.08(0.97,1.20)",{"v":0.167066244771075,"d":"0.1671"}]
["rs1877030","1.12(1.04,1.21)",{"v":0.0024679578749386,"d":"0.0025"},null,"1.16(1.07,1.25)",{"v":2.02555919002779E-4,"d":"0.0002"},null,"1.07(0.97,1.19)",{"v":0.183892273436464,"d":"0.1839"}]
["rs1858037","1.13(1.05,1.22)",{"v":0.000981904523053991,"d":"0.0010"},null,"1.16(1.08,1.26)",{"v":9.39727146011848e-05,"d":"0.0001"},null,"1.09(0.98,1.21)",{"v":0.118919000649418,"d":"0.1189"}]
["rs17668708","1.13(1.05,1.22)",{"v":1.38155826799289E-3,"d":"0.0014"},null,"1.16(1.07,1.25)",{"v":0.000144077727676136,"d":"0.0001"},null,"1.09(0.98,1.21)",{"v":0.12019122426527,"d":"0.1202"}]
["rs17264332","1.11(1.03,1.20)",{"v":0.0049331920999164,"d":"0.0049"},null,"1.14(1.06,1.22)",{"v":0.000550046482394187,"d":"0.0006"},null,"1.08(0.97,1.20)",{"v":0.182033467710359,"d":"0.1820"}]
["rs1633360","1.12(1.04,1.21)",{"v":0.00227428963005241,"d":"0.0023"},null,"1.16(1.07,1.25)",{"v":0.000192792115049506,"d":"0.0002"},null,"1.08(0.97,1.20)",{"v":0.168348699495481,"d":"0.1683"}]
["rs1571878","1.12(1.04,1.21)",{"v":0.00273953449428895,"d":"0.0027"},null,"1.16(1.08,1.26)",{"v":0.00015017087624374,"d":"0.0002"},null,"1.07(0.96,1.19)",{"v":0.222671964293777,"d":"0.2227"}]
["rs1516971","1.12(1.04,1.21)",{"v":0.00272594218840326,"d":"0.0027"},null,"1.16(1.08,1.25)",{"v":1.24966947846687E-4,"d":"0.0001"},null,"1.07(0.96,1.18)",{"v":0.220319251336003,"d":"0.2203"}]
["rs13385025","1.13(1.04,1.21)",{"v":0.00197764825897479,"d":"0.0020"},null,"1.16(1.07,1.25)",{"v":1.89736821649466E-4,"d":"0.0002"},null,"1.08(0.97,1.20)",{"v":0.141613724587201,"d":"0.1416"}]
["rs13330176","1.13(1.05,1.22)",{"v":1.80618192832105E-3,"d":"0.0018"},null,"1.16(1.07,1.25)",{"v":0.000152972778693295,"d":"0.0002"},null,"1.08(0.97,1.20)",{"v":0.15176860279072,"d":"0.1518"}]
["rs13142500","1.12(1.04,1.21)",{"v":0.00233289823946917,"d":"0.0023"},null,"1.16(1.07,1.25)",{"v":0.000189125349519574,"d":"0.0002"},null,"1.08(0.97,1.20)",{"v":0.176814107823333,"d":"0.1768"}]
["rs12413578","1.13(1.05,1.22)",{"v":1.89024457048247E-3,"d":"0.0019"},null,"1.16(1.07,1.25)",{"v":0.000178467144586607,"d":"0.0002"},null,"1.08(0.97,1.21)",{"v":0.140466196541735,"d":"0.1405"}]
["rs12140275","1.13(1.04,1.21)",{"v":0.00206430753792496,"d":"0.0021"},null,"1.16(1.07,1.25)",{"v":1.84842745155662E-4,"d":"0.0002"},null,"1.08(0.97,1.20)",{"v":0.158502261470582,"d":"0.1585"}]
["rs11933540","1.12(1.04,1.21)",{"v":0.00317961097956715,"d":"0.0032"},null,"1.16(1.07,1.25)",{"v":0.000249575598626373,"d":"0.0002"},null,"1.07(0.96,1.19)",{"v":0.22137299691554,"d":"0.2214"}]
["rs11889341","1.14(1.06,1.22)",{"v":0.000599087662317627,"d":"0.0006"},null,"1.17(1.09,1.26)",{"v":3.331428923452e-05,"d":"0.0000"},null,"1.09(0.98,1.21)",{"v":0.110173897610714,"d":"0.1102"}]
["rs11605042","1.13(1.04,1.21)",{"v":0.00209720928684067,"d":"0.0021"},null,"1.16(1.07,1.25)",{"v":0.000183301596745387,"d":"0.0002"},null,"1.08(0.97,1.20)",{"v":0.159993695025575,"d":"0.1600"}]
["rs11574914","1.12(1.04,1.21)",{"v":0.00261866669450297,"d":"0.0026"},null,"1.16(1.07,1.25)",{"v":0.000216986490013186,"d":"0.0002"},null,"1.08(0.97,1.20)",{"v":0.182489776778834,"d":"0.1825"}]
["rs11089637","1.12(1.04,1.20)",{"v":0.00231317793843515,"d":"0.0023"},null,"1.15(1.07,1.24)",{"v":0.000203690880822149,"d":"0.0002"},null,"1.07(0.97,1.18)",{"v":0.196787769164022,"d":"0.1968"}]
["rs10985070","1.12(1.04,1.21)",{"v":0.00224089234783181,"d":"0.0022"},null,"1.16(1.07,1.25)",{"v":1.56533903649343E-4,"d":"0.0002"},null,"1.08(0.97,1.20)",{"v":0.171180929203381,"d":"0.1712"}]
["rs10790268","1.12(1.04,1.21)",{"v":0.00224905870052901,"d":"0.0022"},null,"1.16(1.07,1.25)",{"v":1.9430814174722E-4,"d":"0.0002"},null,"1.08(0.97,1.20)",{"v":0.169823998231959,"d":"0.1698"}]
["rs10774624","1.12(1.04,1.21)",{"v":0.00293177177575757,"d":"0.0029"},null,"1.15(1.07,1.24)",{"v":0.00025141735606912,"d":"0.0003"},null,"1.07(0.97,1.19)",{"v":0.194169192799194,"d":"0.1942"}]
["rs10175798","1.13(1.04,1.21)",{"v":1.92942197544144E-3,"d":"0.0019"},null,"1.16(1.07,1.25)",{"v":0.000164671664819717,"d":"0.0002"},null,"1.08(0.97,1.20)",{"v":0.152384925975446,"d":"0.1524"}]
["rs10028001","1.13(1.05,1.22)",{"v":1.73609924048715E-3,"d":"0.0017"},null,"1.16(1.08,1.25)",{"v":1.23239551686724E-4,"d":"0.0001"},null,"1.08(0.97,1.20)",{"v":0.155054754901401,"d":"0.1551"}]
["OR and 95% CI represent the risk of IBD,UC and CD per each 1 unit higher log odds in genetically predicted RA. Abbreviations: RA, rheumatoid arthritis; IBD, Inflammatory Bowel Disease; UC, Ulcerative Colitis; CD, Crohn’s Disease; OR,Odds Ratio; 95%CI, 95% Confidence Interval; SNP, Single Nucleotide Polymorphisms."]

{"sheet":"eTable6","index":5,"n_rows":40,"n_cols":4,"rows_kept":40,"merged":[[0,0,0,3],[1,2,1,3],[39,0,39,3]]}
["eTable6.Odds Ratios of  RA Per Each 1 Unit Log Odds Increments in IBD, UC and CD Based on MR Using the Liberal Set of 36 IBD, UC and CD-Associated Variants in a Leave-1-Out Approach."]
[null,null,"                    RA results                         "]
["Trait","Excluded SNP","OR(95%CI)","P Value"]
["CD","rs11681525","1.17(0.88,1.56)",{"v":0.28083055,"d":"0.2808"}]
["CD","rs1748195","1.11(0.84,1.48)",{"v":0.463729252,"d":"0.4637"}]
["CD","rs724016","1.19(0.94,1.51)",{"v":0.14608123,"d":"0.1461"}]
["CD","rs727563","1.07(0.81,1.42)",{"v":0.64619241,"d":"0.6462"}]
["CD","rs7954567","1.13(0.85,1.49)",{"v":0.391119659,"d":"0.3911"}]
["CD","rs9319943","1.15(0.88,1.51)",{"v":0.310666013,"d":"0.3107"}]
["CD","rs9525625","1(0.83,1.21)",{"v":0.960123618,"d":"0.9601"}]
["UC","rs1077773","0.99(0.78,1.25)",{"v":0.920530763,"d":"0.9205"}]
["UC","rs17736589","0.83(0.66,1.03)",{"v":0.083277421,"d":"0.0833"}]
["UC","rs2189234","0.92(0.68,1.23)",{"v":0.5689052,"d":"0.5689"}]
["UC","rs616597","0.92(0.69,1.23)",{"v":0.567604555,"d":"0.5676"}]
["IBD","rs10798069","0.86(0.71,1.03)",{"v":0.097537435,"d":"0.0975"}]
["IBD","rs11064881","0.86(0.72,1.04)",{"v":0.11569951,"d":"0.1157"}]
["IBD","rs11583043","0.86(0.72,1.04)",{"v":0.116384918,"d":"0.1164"}]
["IBD","rs13204048","0.87(0.72,1.05)",{"v":0.143328242,"d":"0.1433"}]
["IBD","rs17057051","0.86(0.71,1.03)",{"v":0.090835944,"d":"0.0908"}]
["IBD","rs2073505","0.86(0.72,1.03)",{"v":0.111385962,"d":"0.1114"}]
["IBD","rs2538470","0.86(0.71,1.03)",{"v":0.099143593,"d":"0.0991"}]
["IBD","rs3116494","0.9(0.76,1.06)",{"v":0.202235522,"d":"0.2022"}]
["IBD","rs34856868","0.86(0.72,1.03)",{"v":0.102522365,"d":"0.1025"}]
["IBD","rs35320439","0.86(0.72,1.03)",{"v":0.107225978,"d":"0.1072"}]
["IBD","rs3740415","0.86(0.72,1.03)",{"v":0.105577185,"d":"0.1056"}]
["IBD","rs3853824","0.87(0.72,1.04)",{"v":0.134876969,"d":"0.1349"}]
["IBD","rs395157","0.86(0.71,1.04)",{"v":0.115230123,"d":"0.1152"}]
["IBD","rs4664304","0.86(0.71,1.03)",{"v":0.101895662,"d":"0.1019"}]
["IBD","rs4692386","0.83(0.70,0.99)",{"v":0.036422328,"d":"0.0364"}]
["IBD","rs4703855","0.83(0.70,0.98)",{"v":0.029167226,"d":"0.0292"}]
["IBD","rs564349","0.86(0.71,1.03)",{"v":0.09160361,"d":"0.0916"}]
["IBD","rs6025","0.86(0.72,1.03)",{"v":0.108541764,"d":"0.1085"}]
["IBD","rs653178","0.9(0.77,1.05)",{"v":0.192256848,"d":"0.1923"}]
["IBD","rs6856616","0.86(0.71,1.03)",{"v":0.101626759,"d":"0.1016"}]
["IBD","rs7011507","0.86(0.72,1.04)",{"v":0.111695868,"d":"0.1117"}]
["IBD","rs7236492","0.87(0.72,1.04)",{"v":0.121207942,"d":"0.1212"}]
["IBD","rs7555082","0.89(0.75,1.06)",{"v":0.185849606,"d":"0.1858"}]
["IBD","rs7758080","0.85(0.71,1.03)",{"v":0.096004804,"d":"0.0960"}]
["IBD","rs7773324","0.88(0.74,1.05)",{"v":0.172330941,"d":"0.1723"}]
["OR and 95% CI represent the risk of RA per each 1 unit higher log odds in genetically predicted IBD,UC and CD. Abbreviations: RA, rheumatoid arthritis; IBD, Inflammatory Bowel Disease; UC, Ulcerative Colitis; CD, Crohn’s Disease; OR,Odds Ratio; 95%CI, 95% Confidence Interval; SNP, Single Nucleotide Polymorphisms."]